Combien de ville de Normandie connais-tu ? - Statistiques

Statistiques générales
  • Ce quiz a été pris 52 fois
  • Le résultat moyen est 49 sur 2651
Statistiques - réponses
Population Département Ville % Correct
109401 14 Caen
85%
167658 76 Le Havre
85%
115792 76 Rouen
85%
231 61 Sai
78%
48096 27 Évreux
73%
20112 50 Saint-Lô
66%
80082 50 Cherbourg-en-Cotentin
61%
3615 14 Deauville
61%
28535 76 Dieppe
59%
26464 61 Alençon
54%
12966 14 Bayeux
54%
20366 14 Lisieux
54%
13230 50 Granville
51%
6933 14 Honfleur
51%
387 50 Ver
49%
765 50 Tréauville
46%
633 76 Trouville
46%
1244 76 Étretat
44%
26269 76 Le Grand-Quevilly
44%
22283 76 Le Petit-Quevilly
44%
13765 61 Argentan
41%
18334 76 Fécamp
39%
129 14 Le Bô
39%
10785 50 Avranches
37%
9935 27 Bernay
37%
9554 50 Coutances
37%
16225 76 Elbeuf
37%
8083 14 Falaise
37%
28562 76 Saint-Étienne-du-Rouvray
37%
24678 27 Vernon
37%
14928 61 Flers
34%
22388 14 Hérouville-Saint-Clair
34%
9558 14 Ouistreham
34%
9912 76 Grand-Couronne
32%
19022 27 Louviers
32%
487 50 Sotteville
32%
11485 76 Yvetot
32%
8144 61 L'Aigle
29%
3541 14 Cabourg
27%
12123 14 Ifs
27%
71 76 Les Ifs
27%
20101 76 Mont-Saint-Aignan
27%
12341 76 Oissel
27%
8910 76 Petit-Couronne
27%
14753 76 Bois-Guillaume
24%
784 76 Colleville
24%
8387 76 Harfleur
24%
8193 27 Les Andelys
24%
12988 27 Val-de-Reuil
24%
17784 14 Vire Normandie
24%
562 50 Barfleur
22%
4533 76 Le Tréport
22%
10285 14 Mondeville
22%
10152 27 Pont-Audemer
22%
29530 76 Sotteville-lès-Rouen
22%
12478 76 Barentin
20%
4735 27 Beuzeville
20%
11684 76 Bolbec
20%
14157 76 Canteleu
20%
9864 76 Darnétal
20%
6853 76 Eu
20%
11576 50 La Hague
20%
227 50 Le Mesnil
20%
8273 76 Le Mesnil-Esnard
20%
28 50 Le Mont-Saint-Michel
20%
10971 76 Maromme
20%
4068 76 Saint-Valery-en-Caux
20%
4012 27 Bourg-Achard
17%
1380 76 Bréauté
17%
1070 50 Bretteville
17%
10061 76 Caudebec-lès-Elbeuf
17%
4478 27 Le Neubourg
17%
8904 76 Lillebonne
17%
4855 76 Neufchâtel-en-Bray
17%
1255 76 Tancarville
17%
7064 50 Valognes
17%
177 61 Camembert
15%
10389 50 Carentan-les-Marais
15%
10723 76 Déville-lès-Rouen
15%
6935 27 Gaillon
15%
1728 14 Houlgate
15%
3332 50 Les Pieux
15%
3301 14 Luc-sur-Mer
15%
15719 76 Montivilliers
15%
4055 61 Mortagne-au-Perche
15%
4862 14 Pont-l'Évêque
15%
7406 76 Sainte-Adresse
15%
3067 50 Sainte-Mère-Église
15%
4634 61 Sées
15%
8363 76 Bihorel
12%
4336 27 Brionne
12%
5022 27 Conches-en-Ouche
12%
3922 76 Forges-les-Eaux
12%
312 27 Franqueville
12%
12046 27 Gisors
12%
499 27 Giverny
12%
4117 27 Grand Bourgtheroulde
12%
1727 76 Jumièges
12%
4182 76 Le Houlme
12%
4876 76 Le Trait
12%
3748 27 Le Vaudreuil
12%
6189 76 Octeville-sur-Mer
12%
4427 50 Pontorson
12%
8501 76 Saint-Aubin-lès-Elbeuf
12%
2581 76 Tourville-la-Rivière
12%
536 76 Veules-les-Roses
12%
2559 14 Villers-sur-Mer
12%
731 76 Yport
12%
2933 50 Agon-Coutainville
10%
1397 14 Amfreville
10%
476 14 Arromanches-les-Bains
10%
2295 76 Belbeuf
10%
2065 14 Bénouville
10%
183 76 Bénouville
10%
640 76 Bernières
10%
6561 76 Bonsecours
10%
4036 76 Boos
10%
4945 76 Cléon
10%
4237 14 Courseulles-sur-Mer
10%
4061 76 Duclair
10%
1078 50 Fleury
10%
1855 61 Gacé
10%
6120 76 Gournay-en-Bray
10%
2966 76 Houppeville
10%
2475 50 Jullouville
10%
4078 50 La Haye
10%
371 76 La Haye
10%
6207 76 Malaunay
10%
7053 76 Notre-Dame-de-Bondeville
10%
5168 27 Pacy-sur-Eure
10%
6216 76 Pavilly
10%
689 50 Ponts
10%
8324 76 Saint-Pierre-lès-Elbeuf
10%
1728 50 Saint-Vaast-la-Hougue
10%
1708 27 Acquigny
7%
5836 14 Blainville-sur-Orne
7%
1219 27 Bourth
7%
7064 14 Colombelles
7%
4227 50 Condé-sur-Vire
7%
2108 50 Créances
7%
5403 14 Dives-sur-Mer
7%
3154 50 Donville-les-Bains
7%
2335 14 Dozulé
7%
6291 76 Franqueville-Saint-Pierre
7%
161 50 Gonfreville
7%
3664 76 Isneauville
7%
557 14 La Cambe
7%
643 50 La Colombe
7%
5489 61 La Ferté Macé
7%
2419 76 La Londe
7%
834 14 Le Pin
7%
298 27 Les Authieux
7%
2539 14 Lion-sur-Mer
7%
439 14 Lison
7%
3373 76 Offranville
7%
886 76 Orival
7%
10453 76 Port-Jérôme-sur-Seine
7%
2524 14 Rots
7%
1755 27 Routot
7%
6077 50 Saint-Hilaire-du-Harcouët
7%
3659 76 Saint-Léger-du-Bourg-Denis
7%
245 14 Saint-Pair
7%
999 14 Saint-Rémy
7%
6212 14 Thue et Mue
7%
607 27 Tilly
7%
1606 76 Tôtes
7%
4689 14 Trouville-sur-Mer
7%
7717 27 Verneuil d'Avre et d'Iton
7%
3710 14 Verson
7%
4677 50 Agneaux
5%
1304 61 Aube
5%
1145 14 Audrieu
5%
2268 50 Barneville-Carteret
5%
1475 61 Bellême
5%
199 14 Beuvron-en-Auge
5%
195 50 Biéville
5%
1586 76 Bosc-le-Hard
5%
3786 27 Bosroumois
5%
2330 14 Bourguébus
5%
2313 50 Brécey
5%
3542 50 Bréhal
5%
4445 27 Breteuil
5%
1548 61 Briouze
5%
753 76 Cailly
5%
664 27 Calleville
5%
1803 50 Canisy
5%
3043 76 Cany-Barville
5%
764 50 Carolles
5%
3165 14 Carpiquet
5%
1098 27 Caumont
5%
173 14 Cauville
5%
1627 76 Cauville-sur-Mer
5%
1319 14 Clécy
5%
6605 14 Condé-en-Normandie
5%
647 76 Életot
5%
3784 27 Étrépagny
5%
1789 50 Flamanville
5%
485 76 Flamanville
5%
947 14 Glos
5%
2893 76 Goderville
5%
3162 76 Gruchet-le-Valasse
5%
729 76 Hattenville
5%
800 27 Heudebouville
5%
1773 27 Igoville
5%
1418 27 Incarville
5%
3630 14 Isigny-sur-Mer
5%
719 76 La Bouille
5%
664 76 Le Bocasse
5%
318 50 Le Ham
5%
251 76 Le Héron
5%
621 76 Le Mesnil-sous-Jumièges
5%
3069 14 Le Molay-Littry
5%
142 27 Le Thuit
5%
6294 14 Livarot-Pays-d'Auge
5%
2703 14 Louvigny
5%
2201 76 Luneray
5%
477 27 Marbeuf
5%
9734 14 Mézidon Vallée d'Auge
5%
4642 76 Montville
5%
937 76 Moulineaux
5%
849 50 Négreville
5%
1398 76 Nointot
5%
2301 27 Nonancourt
5%
1130 27 Normanville
5%
683 76 Normanville
5%
413 76 Paluel
5%
9862 76 Petit-Caux
5%
598 27 Pont-Authou
5%
4190 27 Pont-de-l'Arche
5%
1162 27 Poses
5%
3174 76 Quincampoix
5%
1037 50 Réville
5%
161 61 Ri
5%
3311 27 Romilly-sur-Andelle
5%
1563 76 Roumare
5%
1852 76 Rouxmesnil-Bouteilles
5%
776 76 Ry
5%
1301 76 Saint-Aubin-sur-Scie
5%
1589 76 Sainte-Marie-des-Champs
5%
268 14 Saint-Laurent-sur-Mer
5%
1736 76 Saint-Léonard
5%
734 14 Saint-Martin-des-Entrées
5%
1849 50 Saint-Pierre-Église
5%
2350 76 Saint-Saëns
5%
326 27 Saint-Vigor
5%
899 76 Senneville-sur-Fécamp
5%
980 76 Serqueux
5%
2109 14 Soliers
5%
1010 14 Sommervieu
5%
1789 14 Tilly-sur-Seulles
5%
3807 14 Touques
5%
891 27 Tourville-sur-Pont-Audemer
5%
1326 27 Toutainville
5%
928 14 Trévières
5%
3526 14 Troarn
5%
878 76 Valmont
5%
180 27 Vatteville
5%
3913 50 Villedieu-les-Poêles-Rouffigny
5%
346 27 Vironvay
5%
1289 76 Yébleron
5%
2535 76 Yerville
5%
469 27 Acon
2%
1212 27 Ailly
2%
1174 76 Allouville-Bellefosse
2%
880 27 Amfreville-sur-Iton
2%
1336 27 Andé
2%
196 14 Angerville
2%
1199 76 Anneville-Ambourville
2%
435 76 Anneville-sur-Scie
2%
186 50 Appeville
2%
1001 27 Appeville-Annebault
2%
3829 14 Argences
2%
348 76 Argueil
2%
2570 76 Arques-la-Bataille
2%
612 14 Asnelles
2%
603 14 Auberville
2%
2014 76 Aumale
2%
1714 14 Authie
2%
340 27 Authou
2%
1035 76 Avremesnil
2%
79 50 Azeville
2%
635 27 Bacqueville
2%
1421 14 Balleroy-sur-Drôme
2%
1082 14 Basly
2%
579 50 Baudre
2%
206 14 Beaumesnil
2%
653 27 Beaumontel
2%
417 14 Beaumont-en-Auge
2%
2831 27 Beaumont-le-Roger
2%
156 76 Beautot
2%
660 76 Bec-de-Mortagne
2%
1479 14 Bellengreville
2%
487 76 Bellengreville
2%
632 50 Benoîtville
2%
121 76 Bertreville
2%
697 76 Berville-en-Caux
2%
1269 76 Beuzeville-la-Grenier
2%
636 76 Beuzevillette
2%
373 76 Bézancourt
2%
3733 14 Biéville-Beuville
2%
1245 76 Blainville-Crevon
2%
1649 50 Blainville-sur-Mer
2%
2912 76 Blangy-sur-Bresle
2%
416 76 Boissay
2%
864 27 Boissey-le-Châtel
2%
451 76 Bosc-Bordel
2%
324 76 Bosc-Mesnil
2%
759 27 Bosgouet
2%
679 27 Bosrobert
2%
675 27 Bouafles
2%
216 76 Boudeville
2%
717 27 Bourg-Beaudouin
2%
1008 76 Bouville
2%
406 27 Bray
2%
143 27 Brétigny
2%
1389 76 Bretteville-du-Grand-Caux
2%
4140 14 Bretteville-sur-Odon
2%
1233 27 Breuilpont
2%
808 50 Bréville-sur-Mer
2%
1653 27 Bueil
2%
290 76 Butot
2%
1421 14 Cahagnes
2%
257 14 Cahagnolles
2%
512 76 Callengeville
2%
336 76 Calleville-les-Deux-Églises
2%
1122 27 Campigny
2%
190 14 Campigny
2%
721 27 Canappeville
2%
230 14 Canapville
2%
205 61 Canapville
2%
217 50 Canteloup
2%
194 14 Canteloup
2%
283 14 Carcagny
2%
427 50 Céaux
2%
1054 50 Cerisy-la-Forêt
2%
416 27 Chambray
2%
357 50 Champeaux
2%
1393 76 Clères
2%
201 27 Colletot
2%
563 50 Colomby
2%
667 27 Condé-sur-Risle
2%
2542 61 Condé-sur-Sarthe
2%
5136 14 Cormelles-le-Royal
2%
1397 27 Corneville-sur-Risle
2%
478 76 Cottévrard
2%
369 61 Courgeon
2%
472 61 Courgeoût
2%
220 14 Crépon
2%
2322 14 Creully sur Seulles
2%
2645 76 Criquetot-l'Esneval
2%
615 27 Crosville-la-Vieille
2%
285 50 Cuves
2%
2499 61 Damigny
2%
454 76 Dampierre-Saint-Nicolas
2%
4297 61 Domfront en Poiraie
2%
106 76 Doudeauville
2%
2516 76 Doudeville
2%
5278 14 Douvres-la-Délivrande
2%
197 76 Drosay
2%
612 27 Écaquelon
2%
108 50 Écausseville
2%
399 27 Ecquetot
2%
765 76 Émanville
2%
563 27 Émanville
2%
2126 76 Envermeu
2%
2677 76 Épouville
2%
798 76 Épretot
2%
1049 76 Épreville
2%
1679 14 Épron
2%
1654 76 Eslettes
2%
285 14 Esquay-sur-Seulles
2%
848 76 Étoutteville
2%
335 14 Étréham
2%
678 27 Étréville
2%
2046 14 Évrecy
2%
3735 27 Ézy-sur-Eure
2%
357 27 Fauville
2%
1305 50 Fermanville
2%
207 61 Fleuré
2%
1846 27 Fleury-sur-Andelle
2%
5051 14 Fleury-sur-Orne
2%
1121 50 Folligny
2%
2747 14 Fontaine-Étoupefour
2%
1835 76 Fontaine-le-Bourg
2%
1690 76 Fontenay
2%
1215 14 Fontenay-le-Pesnel
2%
754 14 Formigny La Bataille
2%
672 27 Foulbec
2%
1193 76 Froberville
2%
240 76 Fultot
2%
2525 76 Gainneville
2%
474 76 Ganzeville
2%
263 50 Gathemo
2%
492 50 Gatteville-le-Phare
2%
230 27 Gaudreville-la-Rivière
2%
4929 14 Giberville
2%
618 27 Glos-sur-Risle
2%
9101 76 Gonfreville-l'Orcher
2%
1395 76 Gonneville-la-Mallet
2%
1558 50 Gonneville-Le Theil
2%
676 14 Gonneville-sur-Mer
2%
128 76 Gonzeville
2%
912 76 Gouy
2%
783 76 Grand-Camp
2%
485 27 Grand-Camp
2%
4097 27 Gravigny
2%
738 14 Graye-sur-Mer
2%
1401 27 Grossœuvre
2%
811 50 Grosville
2%
1113 50 Hambye
2%
1100 27 Harcourt
2%
431 76 Haudricourt
2%
283 76 Haussez
2%
712 50 Hauteville-sur-Mer
2%
323 76 Hautot-l'Auvray
2%
357 76 Hautot-le-Vatois
2%
1966 76 Hautot-sur-Mer
2%
403 76 Hautot-sur-Seine
2%
463 50 Héauville
2%
219 27 Hectomare
2%
963 76 Héricourt-en-Caux
2%
117 76 Hermanville
2%
136 27 Herqueville
2%
301 14 Hotot-en-Auge
2%
341 76 Houquetot
2%
414 76 Illois
2%
2688 27 Ivry-la-Bataille
2%
341 76 La Crique
2%
461 76 La Ferté-Saint-Samson
2%
1303 76 La Feuillie
2%
302 50 La Feuillie
2%
141 27 La Haye-le-Comte
2%
1406 27 La Haye-Malherbe
2%
1289 50 La Haye-Pesnel
2%
800 50 La Lucerne-d'Outremer
2%
2416 76 La Neuville-Chant-d'Oisel
2%
1175 76 Lanquetot
2%
281 50 La Pernelle
2%
165 27 La Poterie-Mathieu
2%
2596 14 La Rivière-Saint-Sauveur
2%
402 50 La Trinité
2%
133 27 La Trinité
2%
877 76 La Trinité-du-Mont
2%
405 27 Le Bec-Hellouin
2%
1313 27 Le Bosc du Theil
2%
168 61 Le Bouillon
2%
974 14 Le Fresne-Camilly
2%
265 76 Le Hanouard
2%
315 50 Le Luot
2%
1324 27 Le Manoir
2%
217 14 Le Manoir
2%
248 27 Le Mesnil-Jourdain
2%
191 14 Le Mesnil-Robert
2%
1256 27 Le Perrey
2%
642 61 Le Pin-la-Garenne
2%
2039 27 Léry
2%
102 61 Les Champeaux
2%
1370 27 Les Damps
2%
1116 76 Les Loges
2%
146 14 Les Loges
2%
205 14 Les Monceaux
2%
1616 27 Les Monts du Roumois
2%
401 27 Les Préaux
2%
2294 50 Lessay
2%
800 76 Les Trois-Pierres
2%
3789 27 Le Thuit de l'Oison
2%
943 27 Le Val-Doré
2%
2000 50 Le Val-Saint-Père
2%
338 50 Le Vast
2%
1517 27 Lieurey
2%
1273 76 Londinières
2%
689 27 Longchamps
2%
602 50 Longueville
2%
278 14 Longueville
2%
191 14 Loucelles
2%
715 27 Lyons-la-Forêt
2%
168 14 Magny-en-Bessin
2%
418 14 Maisons
2%
225 76 Manéhouville
2%
1522 27 Manneville-sur-Risle
2%
1341 27 Marbois
2%
2781 50 Marigny-Le-Lozon
2%
507 27 Martainville
2%
122 14 Martainville
2%
1363 50 Martinvast
2%
2376 14 Mathieu
2%
147 50 Maupertuis
2%
658 50 Méautis
2%
935 76 Mélamare
2%
1779 27 Ménilles
2%
1133 76 Mesnil-Raoul
2%
6365 27 Mesnils-sur-Iton
2%
561 14 Monceaux-en-Bessin
2%
505 50 Montaigu-la-Brisette
2%
867 76 Mont-Cauvaire
2%
2177 50 Montebourg
2%
795 27 Montfort-sur-Risle
2%
1306 76 Montigny
2%
101 14 Montigny
2%
3139 50 Mortain-Bocage
2%
358 14 Mosles
2%
1711 14 Mouen
2%
742 61 Moulins-la-Marche
2%
131 76 Muchedent
2%
897 27 Muids
2%
728 50 Muneville-le-Bingard
2%
532 61 Nécy
2%
1348 76 Néville
2%
352 14 Noron-la-Poterie
2%
1022 76 Norville
2%
819 76 Notre-Dame-de-Bliquetuit
2%
318 76 Omonville
2%
1992 14 Orbec
2%
529 76 Ouainville
2%
1133 76 Ourville-en-Caux
2%
450 50 Ouville
2%
475 76 Ouville-la-Rivière
2%
111 61 Parfondeval
2%
2274 50 Périers
2%
3294 50 Picauville
2%
1466 50 Pirou
2%
706 27 Piseux
2%
1295 76 Pissy-Pôville
2%
2645 27 Pîtres
2%
252 14 Planquery
2%
1159 27 Pont-Saint-Pierre
2%
1938 14 Port-en-Bessin-Huppain
2%
1878 76 Préaux
2%
589 50 Précey
2%
1802 50 Quettehou
2%
3267 50 Quettreville-sur-Sienne
2%
608 76 Quevillon
2%
835 27 Quillebeuf-sur-Seine
2%
518 50 Reffuveille
2%
271 27 Richeville
2%
1055 27 Rougemontiers
2%
618 76 Rouville
2%
266 27 Rouvray
2%
231 76 Rouvray-Catillon
2%
513 14 Ryes
2%
1228 76 Sahurs
2%
4121 27 Saint-André-de-l'Eure
2%
1836 14 Saint-André-sur-Orne
2%
2220 27 Saint-Aubin-sur-Gaillon
2%
142 27 Saint-Christophe-sur-Avre
2%
245 14 Sainte-Croix-sur-Mer
2%
741 76 Sainte-Hélène-Bondeville
2%
343 61 Sainte-Honorine-la-Guillaume
2%
709 50 Sainte-Suzanne-sur-Vire
2%
1234 76 Saint-Eustache-la-Forêt
2%
278 50 Saint-Georges-de-la-Rivière
2%
215 50 Saint-Georges-de-Livoye
2%
3836 61 Saint-Germain-du-Corbéis
2%
3156 76 Saint-Jacques-sur-Darnétal
2%
4999 50 Saint-James
2%
1364 76 Saint-Jean-du-Cardonnay
2%
80 50 Saint-Jean-du-Corail-des-Bois
2%
420 27 Saint-Julien-de-la-Liègue
2%
501 50 Saint-Laurent-de-Cuves
2%
772 76 Saint-Laurent-en-Caux
2%
711 50 Saint-Loup
2%
564 14 Saint-Loup-Hors
2%
261 27 Saint-Luc
2%
237 76 Saint-Lucien
2%
669 27 Saint-Maclou
2%
2116 14 Saint-Manvieu-Norrey
2%
183 76 Saint-Mards
2%
854 27 Saint-Mards-de-Blacarville
2%
1566 76 Saint-Martin-de-Boscherville
2%
1752 76 Saint Martin de l'If
2%
595 50 Saint-Martin-le-Gréard
2%
347 27 Saint-Martin-Saint-Firmin
2%
258 50 Saint-Maurice-en-Cotentin
2%
3778 76 Saint-Nicolas-d'Aliermont
2%
428 76 Saint-Nicolas-de-la-Haie
2%
1667 76 Saint-Nicolas-de-la-Taille
2%
190 14 Saint-Omer
2%
177 61 Saint-Ouen-de-Sécherouvre
2%
2481 27 Saint-Ouen-de-Thouberville
2%
4253 50 Saint-Pair-sur-Mer
2%
709 61 Saint-Paul
2%
795 27 Saint-Philbert-sur-Risle
2%
900 76 Saint-Pierre-de-Manneville
2%
7665 14 Saint-Pierre-en-Auge
2%
488 50 Saint-Pois
2%
5728 27 Saint-Sébastien-de-Morsent
2%
1467 50 Saint-Senier-sous-Avranches
2%
806 76 Sandouville
2%
2891 50 Sartilly-Baie-Bocage
2%
470 27 Selles
2%
1838 27 Serquigny
2%
502 76 Sigy-en-Bray
2%
682 61 Soligny-la-Trappe
2%
409 76 Sotteville-sur-Mer
2%
8995 14 Souleuvre en Bocage
2%
682 14 Subles
2%
166 14 Sully
2%
900 27 Surville
2%
475 14 Surville
2%
706 50 Tamerville
2%
4317 76 Terres-de-Caux
2%
1055 50 Teurthéville-Hague
2%
1829 14 Thaon
2%
1025 27 Thénouville
2%
674 76 Thérouldeville
2%
375 27 Thierville
2%
1075 27 Tillières-sur-Avre
2%
269 50 Tocqueville
2%
159 27 Tocqueville
2%
4491 50 Torigny-les-Villes
2%
402 14 Touffréville
2%
360 27 Touffreville
2%
3117 61 Tourouvre au Perche
2%
1139 27 Tourville-la-Campagne
2%
730 76 Tourville-les-Ifs
2%
1128 14 Tourville-sur-Odon
2%
352 14 Tracy-sur-Mer
2%
831 50 Vains
2%
439 27 Valletot
2%
336 76 Varneville-Bretteville
2%
244 50 Varouville
2%
583 76 Vattetot-sous-Beaumont
2%
1172 76 Vatteville-la-Rue
2%
587 14 Vaucelles
2%
310 14 Vaux-sur-Aure
2%
340 14 Vendes
2%
411 27 Venon
2%
159 50 Vernix
2%
1684 14 Ver-sur-Mer
2%
747 50 Vesly
2%
655 27 Vesly
2%
281 76 Veulettes-sur-Mer
2%
6099 27 Vexin-sur-Epte
2%
234 27 Vézillon
2%
618 76 Vibeuf
2%
1077 50 Vicq-sur-Mer
2%
235 14 Vierville-sur-Mer
2%
683 14 Vieux
2%
778 76 Vieux-Manoir
2%
3187 14 Villers-Bocage
2%
603 14 Villerville
2%
841 14 Vimont
2%
801 50 Virandeville
2%
573 76 Ypreville-Biville
2%
1195 50 Yquelon
2%
649 76 Yvecrique
2%
1237 14 Ablon
0%
339 27 Aclou
0%
317 14 Agy
0%
433 27 Aigleville
0%
555 50 Airel
0%
157 27 Aizier
0%
1614 27 Alizay
0%
657 61 Almenêches
0%
627 76 Alvimare
0%
1088 14 Amayé-sur-Orne
0%
228 14 Amayé-sur-Seulles
0%
576 27 Ambenay
0%
487 76 Ambrumesnil
0%
181 27 Amécourt
0%
3329 76 Amfreville-la-Mi-Voie
0%
459 27 Amfreville-les-Champs
0%
183 76 Amfreville-les-Champs
0%
1210 27 Amfreville-Saint-Amand
0%
499 27 Amfreville-sous-les-Monts
0%
159 50 Amigny
0%
699 76 Anceaumeville
0%
641 76 Ancourt
0%
353 76 Ancourteville-sur-Héricourt
0%
377 76 Ancretiéville-Saint-Victor
0%
155 76 Ancretteville-sur-Mer
0%
458 50 Anctoville-sur-Boscq
0%
189 76 Angerville-Bailleul
0%
1388 27 Angerville-la-Campagne
0%
1115 76 Angerville-la-Martel
0%
1415 76 Angerville-l'Orcher
0%
523 76 Angiens
0%
127 76 Anglesqueville-la-Bras-Long
0%
668 76 Anglesqueville-l'Esneval
0%
764 14 Anisy
0%
503 14 Annebault
0%
392 50 Anneville-en-Saire
0%
464 76 Annouville-Vilmesnil
0%
347 76 Anquetierville
0%
305 76 Anvéville
0%
288 61 Appenai-sous-Bellême
0%
160 76 Ardouval
0%
2568 76 Arelaune-en-Seine
0%
219 14 Arganchy
0%
168 27 Armentières-sur-Avre
0%
1710 27 Arnières-sur-Iton
0%
347 27 Asnières
0%
70 14 Asnières-en-Bessin
0%
4307 61 Athis-Val de Rouvre
0%
187 76 Aubéguimont
0%
203 76 Aubermesnil-aux-Érables
0%
519 76 Aubermesnil-Beaumais
0%
140 76 Auberville-la-Manuel
0%
462 76 Auberville-la-Renault
0%
318 14 Aubigny
0%
129 61 Aubry-le-Panthou
0%
422 61 Aubusson
0%
421 50 Aucey-la-Plaine
0%
77 50 Audouville-la-Hubert
0%
212 61 Auguaise
0%
725 27 Aulnay-sur-Iton
0%
113 50 Aumeville-Lestre
0%
138 61 Aunay-les-Bois
0%
257 61 Aunou-le-Faucon
0%
266 61 Aunou-sur-Orne
0%
711 76 Auppegard
0%
731 14 Aure sur Mer
0%
1921 14 Aurseulles
0%
969 27 Autheuil-Authouillet
0%
457 27 Authevernes
0%
407 76 Authieux-Ratiéville
0%
312 76 Autigny
0%
701 50 Auvers
0%
214 14 Auvillars
0%
106 76 Auvilliers
0%
169 50 Auxais
0%
1498 76 Auzebosc
0%
367 76 Auzouville-l'Esneval
0%
702 76 Auzouville-sur-Ry
0%
151 76 Auzouville-sur-Saâne
0%
574 14 Avenay
0%
66 61 Avernes-Saint-Gourgon
0%
297 76 Avesnes-en-Bray
0%
283 76 Avesnes-en-Val
0%
1139 27 Aviron
0%
221 61 Avoine
0%
104 61 Avrilly
0%
992 50 Bacilly
0%
310 27 Bacquepuis
0%
1941 76 Bacqueville-en-Caux
0%
2767 61 Bagnoles de l'Orne Normandie
0%
634 61 Bailleul
0%
101 27 Bailleul-la-Vallée
0%
224 76 Bailleul-Neuville
0%
111 76 Baillolet
0%
526 76 Bailly-en-Rivière
0%
562 27 Bâlines
0%
172 14 Banneville-la-Campagne
0%
803 14 Banville
0%
626 61 Banvou
0%
351 76 Baons-le-Comte
0%
820 14 Barbery
0%
213 14 Barbeville
0%
1176 27 Barc
0%
632 76 Bardouville
0%
1241 50 Barenton
0%
128 14 Barneville-la-Bertran
0%
552 27 Barneville-sur-Seine
0%
221 76 Baromesnil
0%
1026 14 Baron-sur-Odon
0%
69 14 Barou-en-Auge
0%
453 27 Barquet
0%
189 61 Barville
0%
82 27 Barville
0%
251 14 Basseneville
0%
142 50 Baubigny
0%
450 50 Baupte
0%
1946 14 Bavent
0%
147 14 Bazenville
0%
795 27 Bazincourt-sur-Epte
0%
430 76 Bazinval
0%
467 61 Bazoches-au-Houlme
0%
861 61 Bazoches-sur-Hoëne
0%
144 27 Bazoques
0%
495 76 Beaubec-la-Rosière
0%
344 27 Beaubray
0%
441 50 Beauchamps
0%
132 50 Beaucoudray
0%
337 61 Beaufai
0%
125 50 Beauficel
0%
189 27 Beauficel-en-Lyons
0%
451 14 Beaufour-Druval
0%
206 61 Beaulieu
0%
170 14 Beaumais
0%
267 76 Beaumont-le-Hareng
0%
511 76 Beaurepaire
0%
417 76 Beaussault
0%
275 61 Beauvain
0%
473 76 Beauval-en-Caux
0%
448 50 Beauvoir
0%
610 76 Beauvoir-en-Lyons
0%
204 61 Belfonds
0%
1559 61 Belforêt-en-Perche
0%
133 61 Bellavilliers
0%
607 76 Bellencombre
0%
551 14 Belle Vie en Auge
0%
753 76 Belleville-en-Caux
0%
1083 61 Bellou-en-Houlme
0%
209 61 Bellou-le-Trichard
0%
453 76 Belmesnil
0%
333 50 Belval
0%
590 27 Bémécourt
0%
272 76 Bénarville
0%
452 14 Benerville-sur-Mer
0%
175 76 Bénesville
0%
450 14 Bény-sur-Mer
0%
1109 61 Berd'huis
0%
336 27 Bérengeville-la-Campagne
0%
441 50 Bérigny
0%
461 61 Berjou
0%
218 14 Bernesq
0%
294 27 Bernienville
0%
228 14 Bernières-d'Ailly
0%
2364 14 Bernières-sur-Mer
0%
317 27 Bernouville
0%
97 76 Bertheauville
0%
332 27 Berthouville
0%
344 76 Bertreville-Saint-Ouen
0%
218 76 Bertrimont
0%
259 27 Berville-la-Campagne
0%
689 27 Berville-sur-Mer
0%
555 76 Berville-sur-Seine
0%
564 50 Beslon
0%
677 50 Besneville
0%
1357 14 Beuvillers
0%
140 50 Beuvrigny
0%
147 50 Beuzeville-la-Bastille
0%
238 76 Beuzeville-la-Guérard
0%
318 27 Bézu-la-Forêt
0%
1600 27 Bézu-Saint-Éloi
0%
333 76 Bierville
0%
115 50 Biniville
0%
670 76 Biville-la-Baignarde
0%
105 76 Biville-la-Rivière
0%
134 61 Bizou
0%
739 76 Blacqueville
0%
784 14 Blangy-le-Château
0%
368 14 Blay
0%
1587 14 Blonville-sur-Mer
0%
265 76 Blosseville
0%
327 50 Blosville
0%
128 61 Boëcé
0%
173 27 Bois-Anzeray
0%
704 27 Bois-Arnault
0%
1226 61 Boischampré
0%
577 76 Bois-d'Ennebourg
0%
301 76 Bois-Guilbert
0%
177 76 Bois-Héroult
0%
474 76 Bois-Himont
0%
771 27 Bois-Jérôme-Saint-Ouen
0%
1257 27 Bois-le-Roi
0%
620 76 Bois-l'Évêque
0%
284 27 Boisney
0%
356 27 Bois-Normand-près-Lyre
0%
122 61 Boissei-la-Lande
0%
506 27 Boisset-les-Prévanches
0%
372 27 Boissy-Lamberville
0%
112 50 Boisyvon
0%
363 61 Boitron
0%
582 76 Bolleville
0%
188 27 Boncourt
0%
681 14 Bonnebosq
0%
194 61 Bonnefoi
0%
406 14 Bonnemaison
0%
268 27 Bonneville-Aptot
0%
833 14 Bonneville-la-Louvet
0%
333 14 Bonneville-sur-Touques
0%
123 14 Bonnœil
0%
240 61 Bonsmoulins
0%
410 14 Bons-Tassilly
0%
664 76 Bordeaux-Saint-Clair
0%
256 76 Bornambusc
0%
203 76 Bosc-Bérenger
0%
369 76 Bosc-Édeline
0%
1091 76 Bosc-Guérard-Saint-Adrien
0%
441 76 Bosc-Hyons
0%
126 27 Bosquentin
0%
595 76 Bosville
0%
606 61 Boucé
0%
84 27 Bouchevilliers
0%
285 76 Bouelles
0%
399 14 Bougy
0%
1228 27 Boulleville
0%
785 14 Boulon
0%
536 27 Bouquelon
0%
1057 27 Bouquetot
0%
470 76 Bourdainville
0%
100 14 Bourgeauville
0%
356 50 Bourguenolles
0%
3373 50 Bourgvallées
0%
487 27 Bournainville-Faverolles
0%
1360 27 Bourneville-Sainte-Croix
0%
297 76 Bourville
0%
70 50 Boutteville
0%
713 76 Brachy
0%
338 76 Bracquetuit
0%
224 76 Bradiancourt
0%
216 50 Brainville
0%
197 76 Brametot
0%
203 14 Branville
0%
572 76 Brémontier-Merval
0%
241 14 Brémoy
0%
660 27 Brestot
0%
208 27 Bretagnolles
0%
161 61 Brethel
0%
1505 61 Bretoncelles
0%
306 14 Bretteville-le-Rabet
0%
159 76 Bretteville-Saint-Laurent
0%
428 50 Bretteville-sur-Ay
0%
1937 14 Bretteville-sur-Laize
0%
411 50 Breuville
0%
346 27 Breux-sur-Avre
0%
665 14 Bréville-les-Monts
0%
5936 50 Bricquebec-en-Cotentin
0%
645 50 Bricquebosq
0%
155 14 Bricqueville
0%
557 50 Bricqueville-la-Blouette
0%
1284 50 Bricqueville-sur-Mer
0%
93 61 Brieux
0%
331 50 Brillevast
0%
2198 50 Brix
0%
1033 27 Broglie
0%
654 27 Brosville
0%
138 50 Brouains
0%
127 14 Brucourt
0%
94 61 Brullemail
0%
620 50 Buais-Les-Monts
0%
442 14 Bucéels
0%
2933 76 Buchy
0%
920 76 Bully
0%
111 61 Buré
0%
164 61 Bures
0%
332 76 Bures-en-Bray
0%
410 27 Burey
0%
204 61 Bursard
0%
244 76 Butot-Vénesville
0%
2017 14 Cagny
0%
171 61 Cahan
0%
264 76 Cailleville
0%
499 27 Caillouet-Orgeville
0%
215 27 Cailly-sur-Eure
0%
2079 14 Cairon
0%
848 61 Caligny
0%
719 50 Cambernon
0%
1766 14 Cambes-en-Plaine
0%
1358 14 Cambremer
0%
434 50 Cametours
0%
560 14 Campagnolles
0%
472 76 Campneuseville
0%
420 50 Camprond
0%
205 14 Canchy
0%
387 76 Canehan
0%
353 76 Canouville
0%
123 50 Canville-la-Rocque
0%
320 76 Canville-les-Deux-Églises
0%
616 27 Caorches-Saint-Nicolas
0%
428 27 Capelle-les-Grands
0%
633 50 Carantilly
0%
96 14 Cardonville
0%
238 50 Carneville
0%
639 61 Carrouges
0%
300 14 Cartigny-l'Épinay
0%
433 76 Carville-la-Folletière
0%
101 76 Carville-Pot-de-Fer
0%
358 14 Castillon
0%
162 14 Castillon-en-Auge
0%
1732 14 Castine-en-Plaine
0%
695 76 Catenay
0%
101 50 Catteville
0%
867 27 Caugé
0%
2420 14 Caumont-sur-Aure
0%
213 27 Cauverville-en-Roumois
0%
554 14 Cauvicourt
0%
273 50 Cavigny
0%
1187 61 Ceaucé
0%
1809 50 Cérences
0%
893 61 Cerisé
0%
761 61 Cerisy-Belle-Étoile
0%
1025 50 Cerisy-la-Salle
0%
140 14 Cernay
0%
429 14 Cesny-aux-Vignes
0%
1384 14 Cesny-les-Sources
0%
455 27 Cesseville
0%
1792 61 Ceton
0%
86 61 Chahains
0%
280 27 Chaignes
0%
918 61 Chailloué
0%
204 27 Chaise-Dieu-du-Theil
0%
396 27 Chamblac
0%
1429 27 Chambois
0%
181 27 Chambord
0%
179 61 Champcerie
0%
63 27 Champ-Dolent
0%
164 61 Champeaux-sur-Sarthe
0%
295 27 Champenard
0%
45 61 Champ-Haut
0%
278 27 Champigny-la-Futelaye
0%
96 61 Champosoult
0%
328 50 Champrepus
0%
945 61 Champsecret
0%
691 61 Chandai
0%
369 50 Chanteloup
0%
1276 61 Chanu
0%
788 61 Charencey
0%
1728 27 Charleval
0%
568 27 Château-sur-Epte
0%
313 50 Chaulieu
0%
173 61 Chaumont
0%
384 27 Chauvincourt-Provemont
0%
613 27 Chavigny-Bailleul
0%
141 50 Chavoy
0%
186 61 Chemilli
0%
107 27 Chennebrun
0%
437 50 Chérencé-le-Héron
0%
484 27 Chéronvilliers
0%
241 14 Chouain
0%
414 76 Cideville
0%
801 27 Cierrey
0%
193 14 Cintheaux
0%
408 61 Ciral
0%
179 61 Cisai-Saint-Aubin
0%
268 76 Clais
0%
345 14 Clarbec
0%
355 76 Clasville
0%
1101 27 Claville
0%
282 76 Claville-Motteville
0%
2547 27 Clef Vallée d'Eure
0%
198 76 Cleuville
0%
390 14 Cléville
0%
152 76 Cléville
0%
256 76 Cliponville
0%
229 50 Clitourps
0%
246 27 Collandres-Quincarnon
0%
2588 14 Colleville-Montgomery
0%
185 14 Colleville-sur-Mer
0%
113 76 Colmesnil-Manneville
0%
210 14 Colombières
0%
336 61 Colombiers
0%
157 14 Colombiers-sur-Seulles
0%
1276 14 Colomby-Anguerny
0%
65 61 Comblot
0%
826 27 Combon
0%
145 14 Combray
0%
159 61 Commeaux
0%
453 14 Commes
0%
169 76 Compainville
0%
448 14 Condé-sur-Ifs
0%
303 14 Condé-sur-Seulles
0%
184 27 Connelles
0%
1027 27 Conteville
0%
500 76 Conteville
0%
169 76 Contremoulins
0%
860 14 Coquainvilliers
0%
121 61 Corbon
0%
168 14 Cordebugle
0%
158 14 Cordey
0%
1215 27 Cormeilles
0%
402 14 Cormolain
0%
126 27 Corneville-la-Fouquetière
0%
107 14 Cossesseville
0%
236 14 Cottun
0%
77 61 Coudehard
0%
901 50 Coudeville-sur-Mer
0%
222 27 Coudray
0%
564 27 Coudres
0%
306 61 Coulimer
0%
88 61 Coulmer
0%
224 61 Coulonces
0%
499 61 Coulonges-sur-Sarthe
0%
534 50 Coulouvray-Boisbenâtre
0%
733 27 Courbépine
0%
2167 27 Courcelles-sur-Seine
0%
604 50 Courcy
0%
131 14 Courcy
0%
611 27 Courdemanche
0%
609 61 Cour-Maugis sur Huisne
0%
164 27 Courteilles
0%
239 50 Courtils
0%
725 61 Courtomer
0%
684 14 Courtonne-la-Meurdrac
0%
662 14 Courtonne-les-Deux-Églises
0%
271 14 Courvaudon
0%
563 50 Couvains
0%
1204 50 Couville
0%
135 61 Craménil
0%
228 50 Crasville
0%
126 27 Crasville
0%
168 76 Crasville-la-Mallet
0%
212 76 Crasville-la-Rocquefort
0%
1126 14 Cresserons
0%
261 14 Cresseveuille
0%
583 27 Crestot
0%
272 14 Cricquebœuf
0%
191 14 Cricqueville-en-Auge
0%
174 14 Cricqueville-en-Bessin
0%
2669 76 Criel-sur-Mer
0%
405 76 Criquebeuf-en-Caux
0%
344 27 Criquebeuf-la-Campagne
0%
1528 27 Criquebeuf-sur-Seine
0%
187 76 Criquetot-le-Mauconduit
0%
220 76 Criquetot-sur-Longueville
0%
813 76 Criquetot-sur-Ouville
0%
721 76 Criquiers
0%
224 14 Cristot
0%
492 76 Critot
0%
291 14 Crocy
0%
657 14 Croisilles
0%
214 61 Croisilles
0%
531 76 Croisy-sur-Andelle
0%
220 27 Croisy-sur-Eure
0%
322 76 Croixdalle
0%
740 76 Croix-Mare
0%
309 50 Crollon
0%
259 76 Cropus
0%
65 50 Crosville-sur-Douve
0%
250 76 Crosville-sur-Scie
0%
1390 27 Croth
0%
515 14 Crouay
0%
312 61 Crouttes
0%
853 61 Crulai
0%
433 61 Cuissai
0%
367 14 Culey-le-Patry
0%
184 14 Cussy
0%
2316 14 Cuverville
0%
352 76 Cuverville
0%
252 27 Cuverville
0%
202 76 Cuverville-sur-Yères
0%
663 76 Cuy-Saint-Fiacre
0%
242 14 Damblainville
0%
139 61 Dame-Marie
0%
452 76 Dampierre-en-Bray
0%
234 76 Dancourt
0%
409 14 Danestal
0%
582 27 Dangu
0%
698 50 Dangy
0%
150 27 Dardez
0%
241 27 Daubeuf-la-Campagne
0%
469 27 Daubeuf-près-Vatteville
0%
408 76 Daubeuf-Serville
0%
3104 14 Démouville
0%
273 76 Dénestanville
0%
49 14 Deux-Jumeaux
0%
1039 14 Dialan sur Chaîne
0%
1666 50 Digosville
0%
1027 50 Domjean
0%
399 61 Dompierre
0%
304 14 Donnay
0%
478 27 Douains
0%
282 27 Doudeauville-en-Vexin
0%
215 14 Douville-en-Auge
0%
447 27 Douville-sur-Andelle
0%
534 76 Douvrend
0%
341 50 Doville
0%
816 50 Dragey-Ronthon
0%
461 27 Droisy
0%
114 14 Drubec
0%
591 27 Drucourt
0%
2886 50 Ducey-Les Chéris
0%
175 14 Ducy-Sainte-Marguerite
0%
152 27 Duranville
0%
301 61 Durcet
0%
515 76 Écalles-Alix
0%
477 27 Écardenville-la-Campagne
0%
112 27 Écauville
0%
383 61 Échalou
0%
753 61 Échauffour
0%
406 61 Écorcei
0%
100 61 Écorches
0%
2251 61 Écouché-les-Vallées
0%
832 27 Écouis
0%
1699 61 Écouves
0%
991 76 Écrainville
0%
375 76 Écretteville-lès-Baons
0%
164 76 Écretteville-sur-Mer
0%
711 76 Ectot-l'Auber
0%
404 76 Ectot-lès-Baons
0%
415 76 Elbeuf-en-Bray
0%
481 76 Elbeuf-sur-Andelle
0%
157 76 Ellecourt
0%
615 14 Ellon
0%
508 27 Émalleville
0%
640 14 Émiéville
0%
357 50 Émondeville
0%
114 14 Englesqueville-en-Auge
0%
103 14 Englesqueville-la-Percée
0%
352 76 Envronville
0%
1586 27 Épaignes
0%
520 14 Épaney
0%
543 27 Épégard
0%
355 27 Épieds
0%
517 76 Épinay-sur-Duclair
0%
638 14 Épinay-sur-Odon
0%
204 27 Épreville-en-Lieuvin
0%
463 27 Épreville-près-le-Neubourg
0%
1605 14 Équemauville
0%
203 50 Équilly
0%
304 14 Eraines
0%
145 76 Ermenouville
0%
208 76 Ernemont-la-Villette
0%
295 76 Ernemont-sur-Buchy
0%
329 14 Ernes
0%
198 50 Éroudeville
0%
391 76 Esclavelles
0%
815 14 Escoville
0%
255 14 Espins
0%
1458 14 Esquay-Notre-Dame
0%
552 61 Essay
0%
556 14 Esson
0%
500 76 Esteville
0%
268 14 Estrées-la-Campagne
0%
845 76 Étaimpuis
0%
1230 76 Étainhus
0%
437 76 Étalleville
0%
1077 76 Étalondes
0%
1670 14 Éterville
0%
381 50 Étienville
0%
307 27 Éturqueraye
0%
458 27 Fains
0%
185 76 Fallencourt
0%
352 27 Farceaux
0%
736 27 Fatouville-Grestain
0%
248 14 Fauguernon
0%
146 61 Faverolles
0%
168 27 Faverolles-la-Campagne
0%
70 61 Fay
0%
188 61 Feings
0%
1687 76 Ferrières-en-Bray
0%
1192 27 Ferrières-Haut-Clocher
0%
142 61 Ferrières-la-Verrerie
0%
423 27 Ferrières-Saint-Hilaire
0%
144 76 Fesques
0%
351 50 Feugères
0%
178 27 Feuguerolles
0%
1464 14 Feuguerolles-Bully
0%
356 50 Fierville-les-Mines
0%
232 14 Fierville-les-Parcs
0%
758 27 Fiquefleur-Équainville
0%
396 14 Firfol
0%
166 76 Flamets-Frétils
0%
1576 27 Flancourt-Crescy-en-Roumois
0%
274 27 Fleury-la-Forêt
0%
326 27 Flipou
0%
716 76 Flocques
0%
227 50 Flottemanville
0%
198 27 Folleville
0%
187 76 Fongueusemare
0%
1182 27 Fontaine-Bellenger
0%
175 76 Fontaine-en-Bray
0%
500 14 Fontaine-Henry
0%
559 27 Fontaine-l'Abbé
0%
335 27 Fontaine-la-Louvet
0%
2691 76 Fontaine-la-Mallet
0%
903 76 Fontaine-le-Dun
0%
358 14 Fontaine-le-Pin
0%
109 61 Fontaine-les-Bassets
0%
870 27 Fontaine-sous-Jouy
0%
572 76 Fontaine-sous-Préaux
0%
1960 14 Fontenay-le-Marmion
0%
171 50 Fontenay-sur-Mer
0%
267 14 Formentin
0%
532 27 Fort-Moville
0%
794 76 Foucarmont
0%
369 76 Foucart
0%
95 27 Foucrainville
0%
219 14 Foulognes
0%
453 27 Fouqueville
0%
227 14 Fourches
0%
130 50 Fourneaux
0%
158 14 Fourneaux-le-Val
0%
497 14 Fourneville
0%
141 61 Francheville
0%
137 76 Fréauville
0%
1741 27 Frenelles-en-Vexin
0%
969 76 Freneuse
0%
349 27 Freneuse-sur-Risle
0%
1996 14 Frénouville
0%
242 76 Fresles
0%
334 76 Fresnay-le-Long
0%
93 61 Fresnay-le-Samson
0%
196 27 Fresne-Cauverville
0%
593 14 Fresné-la-Mère
0%
575 76 Fresne-le-Plan
0%
333 27 Fresney
0%
813 14 Fresney-le-Puceux
0%
301 14 Fresney-le-Vieux
0%
686 76 Fresnoy-Folny
0%
1061 76 Fresquiennes
0%
378 50 Fresville
0%
365 76 Freulleville
0%
403 76 Frichemesnil
0%
145 76 Fry
0%
274 14 Fumichon
0%
386 27 Gadencourt
0%
1220 76 Gaillefontaine
0%
289 27 Gamaches-en-Vexin
0%
232 76 Gancourt-Saint-Étienne
0%
426 61 Gandelain
0%
147 61 Gâprée
0%
2005 27 Garennes-sur-Eure
0%
3129 27 Gasny
0%
842 27 Gauciel
0%
636 27 Gauville-la-Campagne
0%
2006 50 Gavray-sur-Sienne
0%
604 14 Gavrus
0%
497 50 Geffosses
0%
135 14 Géfosse-Fontenay
0%
457 50 Genêts
0%
861 14 Genneville
0%
818 50 Ger
0%
392 76 Gerponville
0%
51 14 Gerrots
0%
443 76 Gerville
0%
675 61 Giel-Courteilles
0%
74 61 Ginai
0%
410 27 Giverville
0%
169 14 Glanville
0%
880 27 Glisolles
0%
109 61 Godisson
0%
177 50 Golleville
0%
734 76 Gommerville
0%
386 76 Gonfreville-Caillot
0%
178 76 Gonnetot
0%
394 14 Gonneville-en-Auge
0%
896 14 Gonneville-sur-Honfleur
0%
530 76 Gonneville-sur-Scie
0%
349 50 Gorges
0%
3768 61 Gouffern en Auge
0%
422 76 Goupillières
0%
1273 27 Goupil-Othon
0%
129 27 Gournay-le-Guérin
0%
301 14 Goustranville
0%
287 50 Gouvets
0%
3311 50 Gouville-sur-Mer
0%
838 14 Gouvix
0%
895 50 Graignes-Mesnil-Angot
0%
625 76 Graimbouville
0%
741 14 Grainville-Langannerie
0%
1094 76 Grainville-la-Teinturière
0%
1058 14 Grainville-sur-Odon
0%
450 76 Grainville-sur-Ry
0%
442 76 Grainville-Ymauville
0%
1555 14 Grandcamp-Maisy
0%
323 76 Grandcourt
0%
2709 50 Grandparigny
0%
279 14 Grangues
0%
678 50 Gratot
0%
159 76 Graval
0%
325 27 Graveron-Sémerville
0%
867 76 Grèges
0%
455 76 Grémonville
0%
972 14 Grentheville
0%
377 76 Greuville
0%
381 76 Grigneuseville
0%
289 14 Grimbosq
0%
63 50 Grimesnil
0%
536 27 Grosley-sur-Risle
0%
706 76 Gruchet-Saint-Siméon
0%
1011 76 Grugny
0%
444 76 Grumesnil
0%
137 61 Guêprei
0%
167 27 Guerny
0%
251 14 Guéron
0%
134 61 Guerquesalles
0%
475 76 Guerville
0%
544 76 Gueures
0%
89 76 Gueutteville
0%
377 76 Gueutteville-les-Grès
0%
3078 27 Guichainville
0%
484 27 Guiseniers
0%
339 61 Habloville
0%
428 27 Hacqueville
0%
94 50 Hamelin
0%
537 76 Harcanville
0%
287 27 Hardencourt-Cocherel
0%
926 50 Hardinvast
0%
280 27 Harquency
0%
191 76 Haucourt
0%
473 61 Hauterive
0%
494 50 Hauteville-la-Guichard
0%
696 76 Hautot-Saint-Sulpice
0%
162 50 Hautteville-Bocage
0%
1322 27 Hauville
0%
636 27 Hébécourt
0%
109 76 Héberville
0%
197 27 Hecmanville
0%
327 27 Hécourt
0%
566 50 Helleville
0%
922 61 Héloup
0%
186 50 Hémevez
0%
784 27 Hennezis
0%
1380 76 Hénouville
0%
3187 14 Hermanville-sur-Mer
0%
370 76 Hermeville
0%
843 14 Hermival-les-Vaux
0%
149 76 Héronchelles
0%
1356 14 Hérouvillette
0%
466 27 Heubécourt-Haricourt
0%
743 27 Heudicourt
0%
111 27 Heudreville-en-Lieuvin
0%
1099 27 Heudreville-sur-Eure
0%
649 76 Heugleville-sur-Scie
0%
488 50 Heugueville-sur-Sienne
0%
119 14 Heuland
0%
722 76 Heuqueville
0%
358 27 Heuqueville
0%
300 76 Heurteauville
0%
72 50 Hiesville
0%
195 50 Hocquigny
0%
588 76 Hodeng-au-Bosc
0%
273 76 Hodeng-Hodenger
0%
801 27 Hondouville
0%
718 27 Honguemare-Guenouville
0%
478 14 Hottot-les-Bagues
0%
189 76 Houdetot
0%
204 27 Houetteville
0%
1326 27 Houlbec-Cocherel
0%
239 27 Houville-en-Vexin
0%
373 50 Huberville
0%
933 50 Hudimesnil
0%
804 27 Huest
0%
432 76 Hugleville-en-Caux
0%
176 50 Huisnes-sur-Mer
0%
619 61 Igé
0%
874 27 Illeville-sur-Montfort
0%
1043 27 Illiers-l'Évêque
0%
310 76 Imbleville
0%
1219 76 Incheville
0%
287 76 Ingouville
0%
636 61 Irai
0%
475 27 Irreville
0%
3267 50 Isigny-le-Buat
0%
421 27 Iville
0%
395 14 Janville
0%
104 50 Joganville
0%
303 14 Jort
0%
417 61 Joué-du-Bois
0%
255 61 Joué-du-Plain
0%
605 27 Jouy-sur-Eure
0%
695 14 Juaye-Mondaye
0%
225 27 Juignettes
0%
665 50 Juilley
0%
335 27 Jumelles
0%
1722 50 Juvigny les Vallées
0%
134 61 Juvigny-sur-Orne
0%
83 14 Juvigny-sur-Seulles
0%
2177 61 Juvigny Val d'Andaine
0%
109 50 La Baleine
0%
763 27 La Baronnie
0%
1065 50 La Barre-de-Semilly
0%
278 61 La Bazoque
0%
187 14 La Bazoque
0%
132 61 La Bellière
0%
53 76 La Bellière
0%
453 50 La Bloutière
0%
273 27 La Boissière
0%
197 14 La Boissière
0%
186 50 La Bonneville
0%
2094 27 La Bonneville-sur-Iton
0%
159 14 La Caine
0%
1402 76 La Cerlangue
0%
466 50 La Chaise-Baudouin
0%
607 61 La Chapelle-au-Moine
0%
387 27 La Chapelle-Bayvel
0%
540 61 La Chapelle-Biche
0%
245 50 La Chapelle-Cécelin
0%
704 27 La Chapelle-du-Bois-des-Faulx
0%
113 76 La Chapelle-du-Bourgay
0%
419 27 La Chapelle-Gauthier
0%
120 27 La Chapelle-Hareng
0%
3424 27 La Chapelle-Longueville
0%
529 61 La Chapelle-Montligeon
0%
493 61 La Chapelle-près-Sées
0%
138 76 La Chapelle-Saint-Ouen
0%
253 61 La Chapelle-Souëf
0%
162 76 La Chapelle-sur-Dun
0%
171 50 La Chapelle-Urée
0%
304 61 La Chapelle-Viel
0%
544 76 La Chaussée
0%
53 61 La Chaux
0%
508 61 La Coulonche
0%
2356 27 La Couture-Boussey
0%
432 27 La Croisille
0%
157 61 La Ferrière-au-Doyen
0%
1573 61 La Ferrière-aux-Étangs
0%
244 61 La Ferrière-Béchet
0%
752 61 La Ferrière-Bochard
0%
226 27 La Ferrière-sur-Risle
0%
3092 61 La Ferté-en-Ouche
0%
101 14 La Folie
0%
141 14 La Folletière-Abenon
0%
27 76 La Fontelaye
0%
637 27 La Forêt-du-Parc
0%
2135 76 La Frénaye
0%
54 61 La Fresnaie-Fayel
0%
393 76 La Gaillarde
0%
95 61 La Genevraie
0%
291 50 La Godefroy
0%
281 61 La Gonfrière
0%
172 27 La Goulafrière
0%
222 76 La Hallotière
0%
623 27 La Harengère
0%
462 27 La Haye-Aubrée
0%
75 50 La Haye-Bellefond
0%
259 27 La Haye-de-Calleville
0%
277 50 La Haye-d'Ectot
0%
302 27 La Haye-de-Routot
0%
309 27 La Haye-du-Theil
0%
289 27 La Haye-Saint-Sylvestre
0%
454 27 La Heunière
0%
675 14 La Hoguette
0%
339 14 La Houblonnière
0%
209 27 La Houssaye
0%
541 76 La Houssaye-Béranger
0%
2161 14 Laize-Clinchamps
0%
280 61 Lalacelle
0%
538 50 La Lande-d'Airou
0%
194 61 La Lande-de-Goult
0%
55 61 La Lande-de-Lougé
0%
1833 61 La Lande-Patry
0%
399 27 La Lande-Saint-Léger
0%
160 61 La Lande-Saint-Siméon
0%
359 61 Laleu
0%
77 50 La Luzerne
0%
421 61 La Madeleine-Bouvet
0%
1163 27 La Madeleine-de-Nonancourt
0%
197 76 Lamberville
0%
169 50 Lamberville
0%
1039 50 La Meauffe
0%
290 61 La Mesnière
0%
199 50 La Meurdraquière
0%
320 76 Lammerville
0%
165 61 La Motte-Fouquet
0%
249 50 La Mouche
0%
856 14 Landelles-et-Coupigny
0%
456 14 Landes-sur-Ajon
0%
130 76 Landes-Vieilles-et-Neuves
0%
456 61 Landigou
0%
784 61 Landisacq
0%
362 27 La Neuve-Grange
0%
585 27 La Neuve-Lyre
0%
726 27 La Neuville-du-Bosc
0%
1995 14 Langrune-sur-Mer
0%
279 27 La Noë-Poulain
0%
380 50 Lapenty
0%
62 14 La Pommeraye
0%
468 76 La Poterie-Cap-d'Antifer
0%
172 27 La Pyle
0%
1298 76 La Remuée
0%
169 61 La Roche-Mabile
0%
116 14 La Roque-Baignard
0%
241 27 La Roquette
0%
463 61 Larré
0%
782 76 La Rue-Saint-Pierre
0%
1942 27 La Saussaye
0%
1482 61 La Selle-la-Forge
0%
238 27 La Trinité-de-Réville
0%
62 61 La Trinité-des-Laitiers
0%
433 27 La Trinité-de-Thouberville
0%
194 50 Laulne
0%
198 27 Launay
0%
589 27 La Vacherie
0%
1192 76 La Vaupalière
0%
498 50 La Vendelée
0%
129 61 La Ventrouze
0%
1207 14 La Vespière-Friardel
0%
682 27 La Vieille-Lyre
0%
588 76 La Vieux-Rue
0%
236 14 La Villette
0%
89 14 Léaupartie
0%
215 27 Le Bec-Thomas
0%
215 27 Le Bois-Hellain
0%
374 76 Le Bois-Robert
0%
258 61 Le Bosc-Renoult
0%
820 27 Le Boulay-Morin
0%
442 76 Le Bourg-Dun
0%
1016 14 Le Breuil-en-Auge
0%
422 14 Le Breuil-en-Bessin
0%
183 14 Le Brévedent
0%
118 14 Le Bû-sur-Rouvres
0%
1737 14 Le Castelet
0%
280 76 Le Catelier
0%
485 76 Le Caule-Sainte-Beuve
0%
143 61 Le Cercueil
0%
91 61 Le Chalange
0%
31 61 Le Champ-de-la-Pierre
0%
200 61 Le Château-d'Almenêches
0%
413 61 Le Châtellier
0%
383 27 Le Cormier
0%
90 14 Le Détroit
0%
604 50 Le Dézert
0%
342 14 Le Faulq
0%
175 27 Le Favril
0%
221 14 Leffard
0%
1023 27 Le Fidelaire
0%
78 14 Le Fournet
0%
222 50 Le Fresne-Poret
0%
198 61 Le Grais
0%
615 50 Le Grand-Celland
0%
395 50 Le Grippon
0%
147 50 Le Guislain
0%
230 27 Le Landin
0%
693 27 Le Lesme
0%
282 50 Le Loreur
0%
614 50 Le Lorey
0%
227 61 Le Mage
0%
105 14 Le Marais-la-Chapelle
0%
672 61 Le Mêle-sur-Sarthe
0%
71 61 Le Ménil-Bérard
0%
173 61 Le Ménil-Broût
0%
112 61 Le Ménil-Ciboult
0%
545 61 Le Ménil-de-Briouze
0%
80 61 Le Ménil-Guyon
0%
84 61 Le Ménil-Scelleur
0%
23 61 Le Ménil-Vicomte
0%
770 61 Le Merlerault
0%
169 50 Le Mesnil-Adelée
0%
293 50 Le Mesnil-Amey
0%
199 50 Le Mesnil-Aubert
0%
80 14 Le Mesnil-au-Grain
0%
743 50 Le Mesnil-au-Val
0%
20 76 Le Mesnil-Durdent
0%
261 14 Le Mesnil-Eudes
0%
169 50 Le Mesnil-Eury
0%
183 27 Le Mesnil-Fuguet
0%
233 50 Le Mesnil-Garnier
0%
138 50 Le Mesnil-Gilbert
0%
599 14 Le Mesnil-Guillaume
0%
254 50 Le Mesnillard
0%
99 76 Le Mesnil-Lieubray
0%
280 50 Le Mesnil-Ozenne
0%
811 76 Le Mesnil-Réaume
0%
502 50 Le Mesnil-Rouxelin
0%
207 27 Le Mesnil-Saint-Jean
0%
167 14 Le Mesnil-Simon
0%
169 14 Le Mesnil-sur-Blangy
0%
113 50 Le Mesnil-Véneron
0%
235 50 Le Mesnil-Villeman
0%
294 14 Le Mesnil-Villement
0%
417 50 Le Neufbourg
0%
433 50 Lengronne
0%
232 27 Le Noyer-en-Ouche
0%
939 50 Le Parc
0%
127 61 Le Pas-Saint-l'Homer
0%
202 50 Le Perron
0%
179 50 Le Petit-Celland
0%
271 61 Le Pin-au-Haras
0%
167 27 Le Planquay
0%
134 61 Le Plantis
0%
938 27 Le Plessis-Grohan
0%
412 27 Le Plessis-Hébert
0%
248 50 Le Plessis-Lastelle
0%
346 27 Le Plessis-Sainte-Opportune
0%
880 14 Le Pré-d'Auge
0%
210 61 Le Renouard
0%
254 50 Le Rozel
0%
130 61 Le Sap-André
0%
626 61 Les Aspres
0%
82 61 Les Authieux-du-Puits
0%
286 14 Les Authieux-sur-Calonne
0%
1280 76 Les Authieux-sur-le-Port-Saint-Ouen
0%
282 27 Les Barils
0%
698 27 Les Baux-de-Breteuil
0%
855 27 Les Baux-Sainte-Croix
0%
355 27 Les Bottereaux
0%
66 76 Les Cent-Acres
0%
230 50 Les Cresnays
0%
185 61 Les Genettes
0%
1790 76 Les Grandes-Ventes
0%
1365 76 Les Hauts-de-Caux
0%
688 27 Les Hogues
0%
67 14 Les Isles-Bardel
0%
1169 50 Les Loges-Marchis
0%
173 14 Les Loges-Saulces
0%
128 50 Les Loges-sur-Brécey
0%
244 61 Les Menus
0%
731 50 Les Moitiers-d'Allonne
0%
1769 61 Les Monts d'Andaine
0%
4659 14 Les Monts d'Aunay
0%
130 14 Les Moutiers-en-Auge
0%
594 14 Les Moutiers-en-Cinglais
0%
73 27 Les Places
0%
159 14 Lessard-et-le-Chêne
0%
96 76 Lestanville
0%
501 27 Les Thilliers-en-Vexin
0%
250 50 Lestre
0%
1804 27 Les Trois Lacs
0%
1066 27 Les Ventes
0%
148 61 Les Ventes-de-Bourse
0%
106 61 Les Yveteaux
0%
367 50 L'Étang-Bertrand
0%
416 50 Le Tanu
0%
1690 50 Le Teilleul
0%
196 14 Le Theil-en-Auge
0%
255 27 Le Theil-Nolent
0%
604 27 Le Thil
0%
237 76 Le Thil-Riberpré
0%
693 76 Le Tilleul
0%
267 27 Le Tilleul-Lambert
0%
463 76 Le Torp-Mesnil
0%
448 27 Le Torpt
0%
561 14 Le Torquesne
0%
378 27 Le Tremblay-Omonville
0%
173 27 Le Troncq
0%
794 14 Le Tronquay
0%
524 27 Le Tronquay
0%
210 27 Letteguives
0%
701 27 Le Val-David
0%
5354 27 Le Val d'Hazey
0%
122 14 Le Vey
0%
121 50 Le Vicel
0%
849 27 Le Vieil-Évreux
0%
509 27 L'Habit
0%
254 61 L'Hôme-Chamondot
0%
68 27 L'Hosmes
0%
324 14 L'Hôtellerie
0%
213 50 Liesville-sur-Douve
0%
413 50 Lieusaint
0%
29 61 Lignères
0%
351 27 Lignerolles
0%
149 61 Lignou
0%
79 27 Lilly
0%
1537 76 Limésy
0%
397 76 Limpiville
0%
395 76 Lindebeuf
0%
88 50 Lingeard
0%
479 14 Lingèvres
0%
477 76 Lintot
0%
195 76 Lintot-les-Bois
0%
274 14 Lisores
0%
328 27 Lisors
0%
289 14 Litteau
0%
162 27 Livet-sur-Authou
0%
131 61 Loisail
0%
614 50 Lolif
0%
48 76 Longmesnil
0%
2978 61 Longny les Villages
0%
640 76 Longroy
0%
552 76 Longueil
0%
340 76 Longuerue
0%
594 14 Longues-sur-Mer
0%
980 76 Longueville-sur-Scie
0%
365 14 Longvillers
0%
1156 61 Lonlay-l'Abbaye
0%
236 61 Lonlay-le-Tesson
0%
1163 61 Lonrai
0%
789 61 L'Orée-d'Écouves
0%
106 27 Lorleau
0%
316 61 Lougé-sur-Maire
0%
61 14 Louvagny
0%
537 27 Louversey
0%
766 76 Louvetot
0%
92 61 Louvières-en-Auge
0%
229 27 Louye
0%
194 76 Lucy
0%
403 61 Macé
0%
316 50 Magneville
0%
1417 61 Magny-le-Désert
0%
281 61 Mahéru
0%
453 27 Mainneville
0%
272 14 Maisoncelles-Pelvey
0%
192 14 Maisoncelles-sur-Ajon
0%
375 14 Maizet
0%
445 14 Maizières
0%
578 14 Malherbe-sur-Ajon
0%
208 76 Malleville-les-Grès
0%
271 27 Malleville-sur-le-Bec
0%
164 27 Malouy
0%
1040 14 Maltot
0%
326 27 Mandeville
0%
334 14 Mandeville-en-Bessin
0%
379 27 Mandres
0%
1288 76 Manéglise
0%
563 14 Manerbe
0%
430 76 Maniquerville
0%
315 76 Manneville-ès-Plains
0%
1064 76 Manneville-la-Goupil
0%
278 14 Manneville-la-Pipard
0%
507 27 Manneville-la-Raoult
0%
922 76 Mannevillette
0%
523 61 Mantilly
0%
145 14 Manvieux
0%
485 27 Marais-Vernier
0%
1325 50 Marcey-les-Grèves
0%
160 61 Marchemaisons
0%
735 50 Marchésieux
0%
342 50 Marcilly
0%
1135 27 Marcilly-la-Campagne
0%
1614 27 Marcilly-sur-Eure
0%
140 61 Mardilly
0%
120 50 Margueray
0%
765 14 Marolles
0%
234 76 Marques
0%
149 27 Martagny
0%
726 76 Martainville-Épreville
0%
425 76 Martigny
0%
335 14 Martigny-sur-l'Ante
0%
1655 76 Martin-Église
0%
465 27 Martot
0%
332 76 Massy
0%
338 76 Mathonville
0%
417 76 Maucomble
0%
1034 76 Maulévrier-Sainte-Gertrude
0%
165 76 Mauny
0%
230 50 Maupertus-sur-Mer
0%
364 76 Mauquenchy
0%
543 61 Mauves-sur-Huisne
0%
2035 14 May-sur-Orne
0%
157 61 Médavy
0%
121 61 Méhoudin
0%
90 27 Mélicourt
0%
270 76 Melleville
0%
170 76 Ménerval
0%
474 27 Ménesqueville
0%
208 61 Ménil-Erreux
0%
58 61 Ménil-Froger
0%
165 61 Ménil-Gondouin
0%
206 61 Ménil-Hermei
0%
114 61 Ménil-Hubert-en-Exmes
0%
490 61 Ménil-Hubert-sur-Orne
0%
54 61 Ménil-Vin
0%
1631 27 Menneval
0%
233 76 Ménonval
0%
301 76 Mentheville
0%
54 27 Mercey
0%
344 27 Merey
0%
159 61 Merri
0%
2228 14 Merville-Franceville-Plage
0%
1091 14 Méry-Bissières-en-Auge
0%
159 76 Mésangueville
0%
324 14 Meslay
0%
1177 76 Mesnières-en-Bray
0%
4603 27 Mesnil-en-Ouche
0%
121 76 Mesnil-Follemprise
0%
248 76 Mesnil-Mauger
0%
749 76 Mesnil-Panneville
0%
92 27 Mesnil-Rousset
0%
103 27 Mesnil-sous-Vienne
0%
935 27 Mesnil-sur-l'Estrée
0%
341 27 Mesnil-Verclives
0%
1900 61 Messei
0%
576 76 Meulers
0%
139 14 Meuvaines
0%
614 27 Mézières-en-Vexin
0%
626 61 Mieuxcé
0%
242 76 Millebosc
0%
778 50 Millières
0%
360 76 Mirville
0%
646 27 Miserey
0%
231 27 Moisville
0%
211 76 Molagnies
0%
634 76 Monchaux-Soreng
0%
591 76 Monchy-sur-Eu
0%
264 61 Moncy
0%
565 14 Mondrainville
0%
93 14 Monfréville
0%
293 61 Montabard
0%
276 50 Montabot
0%
224 50 Montaigu-les-Bois
0%
300 50 Montbray
0%
223 61 Montchevrel
0%
192 50 Montcuit
0%
613 76 Montérolier
0%
826 50 Montfarville
0%
92 14 Montfiquet
0%
79 61 Montgaudry
0%
716 50 Monthuchon
0%
583 14 Montillières-sur-Orne
0%
742 61 Montilly-sur-Noireau
0%
244 50 Montjoie-Saint-Martin
0%
1433 76 Montmain
0%
1428 50 Montmartin-sur-Mer
0%
537 61 Montmerrei
0%
50 61 Mont-Ormel
0%
531 50 Montpinchon
0%
98 50 Montrabot
0%
132 61 Montreuil-au-Houlme
0%
66 14 Montreuil-en-Auge
0%
503 76 Montreuil-en-Caux
0%
71 61 Montreuil-la-Cambe
0%
836 27 Montreuil-l'Argillé
0%
344 50 Montreuil-sur-Lozon
0%
292 76 Montroty
0%
659 61 Montsecret-Clairefougère
0%
414 14 Monts-en-Bessin
0%
1433 50 Montsenelle
0%
887 61 Monts-sur-Orne
0%
806 50 Moon-sur-Elle
0%
375 27 Morainville-Jouveaux
0%
685 27 Morgny
0%
1094 76 Morgny-la-Pommeraye
0%
214 76 Morienne
0%
72 50 Morigny
0%
114 27 Morsan
0%
626 14 Morteaux-Coulibœuf
0%
86 76 Mortemer
0%
1167 61 Mortrée
0%
291 50 Morville
0%
307 76 Morville-sur-Andelle
0%
779 76 Motteville
0%
764 27 Mouettes
0%
170 27 Mouflaines
0%
287 50 Moulines
0%
279 14 Moulines
0%
1114 14 Moulins-en-Bessin
0%
327 61 Moulins-sur-Orne
0%
3390 14 Moult-Chicheboville
0%
647 27 Mousseaux-Neuville
0%
385 61 Moutiers-au-Perche
0%
1371 14 Moyaux
0%
1478 50 Moyon Villages
0%
511 50 Muneville-sur-Mer
0%
511 14 Mutrécy
0%
783 27 Muzy
0%
333 27 Nagel-Séez-Mesnil
0%
2406 27 Nassandres sur Risle
0%
69 50 Nay
0%
428 27 Neaufles-Auvergny
0%
1347 27 Neaufles-Saint-Martin
0%
213 61 Neauphe-sous-Essai
0%
139 61 Neauphe-sur-Dive
0%
612 50 Néhou
0%
353 76 Nesle-Hodeng
0%
511 76 Nesle-Normandeuse
0%
408 76 Neufbosc
0%
685 76 Neuf-Marché
0%
181 50 Neufmesnil
0%
186 27 Neuilly
0%
302 61 Neuilly-le-Bisson
0%
91 50 Neuville-au-Plain
0%
27 50 Neuville-en-Beaumont
0%
568 76 Neuville-Ferrières
0%
196 27 Neuville-sur-Authou
0%
232 61 Neuville-sur-Touques
0%
208 61 Neuvy-au-Houlme
0%
391 50 Nicorps
0%
54 27 Noards
0%
447 27 Nogent-le-Sec
0%
347 27 Nojeon-en-Vexin
0%
429 76 Nolléval
0%
518 14 Nonant
0%
448 61 Nonant-le-Pin
0%
351 14 Norolles
0%
325 14 Noron-l'Abbaye
0%
93 14 Norrey-en-Auge
0%
759 76 Notre-Dame-d'Aliermont
0%
640 50 Notre-Dame-de-Cenilly
0%
675 27 Notre-Dame-de-l'Isle
0%
114 14 Notre-Dame-de-Livaye
0%
164 50 Notre-Dame-de-Livoye
0%
72 27 Notre-Dame-d'Épine
0%
204 14 Notre-Dame-d'Estrées-Corbon
0%
456 76 Notre-Dame-du-Bec
0%
201 27 Notre-Dame-du-Hamel
0%
191 76 Notre-Dame-du-Parc
0%
651 50 Nouainville
0%
4413 14 Noues de Sienne
0%
252 27 Noyers
0%
140 76 Nullemont
0%
693 61 Occagnes
0%
464 76 Ocqueville
0%
232 50 Octeville-l'Avenel
0%
229 76 Oherville
0%
185 14 Olendon
0%
116 61 Ommoy
0%
187 61 Orgères
0%
361 50 Orglandes
0%
265 61 Origny-le-Roux
0%
482 27 Ormes
0%
1205 50 Orval sur Sienne
0%
519 14 Osmanville
0%
321 76 Osmoy-Saint-Valery
0%
452 76 Oudalle
0%
243 14 Ouézy
0%
192 14 Ouffières
0%
252 14 Ouilly-du-Houley
0%
581 14 Ouilly-le-Tesson
0%
777 14 Ouilly-le-Vicomte
0%
670 76 Ouville-l'Abbaye
0%
157 50 Ozeville
0%
426 61 Pacé
0%
596 76 Parc-d'Anxtot
0%
206 14 Parfouru-sur-Odon
0%
297 27 Parville
0%
1179 61 Passais Villages
0%
320 14 Pennedepie
0%
2073 61 Perche en Nocé
0%
2709 50 Percy-en-Normandie
0%
131 14 Périers-en-Auge
0%
577 14 Périers-sur-le-Dan
0%
61 14 Périgny
0%
344 14 Perrières
0%
213 50 Perriers-en-Beauficel
0%
1822 27 Perriers-sur-Andelle
0%
354 61 Perrou
0%
470 27 Perruel
0%
242 14 Pertheville-Ners
0%
350 61 Pervenchères
0%
1152 76 Petiville
0%
553 14 Petiville
0%
169 27 Piencourt
0%
483 76 Pierrecourt
0%
141 76 Pierrefiques
0%
163 14 Pierrefitte-en-Auge
0%
247 14 Pierrefitte-en-Cinglais
0%
88 14 Pierrepont
0%
551 76 Pierreval
0%
761 50 Pierreville
0%
785 27 Pinterville
0%
210 27 Plainville
0%
186 61 Planches
0%
742 27 Plasnes
0%
129 76 Pleine-Sève
0%
215 14 Plumetot
0%
978 50 Poilley
0%
340 61 Pointel
0%
100 76 Pommereux
0%
500 76 Pommeréval
0%
589 50 Pontaubault
0%
67 14 Pont-Bellanger
0%
170 61 Pontchardon
0%
974 14 Pont-d'Ouilly
0%
70 14 Pontécoulant
0%
2121 50 Pont-Hébert
0%
834 76 Ponts-et-Marais
0%
1238 14 Ponts sur Seulles
0%
2608 50 Port-Bail-sur-Mer
0%
212 27 Porte-de-Seine
0%
277 27 Portes
0%
924 27 Port-Mort
0%
2092 14 Potigny
0%
109 61 Pouvrai
0%
126 14 Préaux-Bocage
0%
712 27 Pressagny-l'Orgueilleux
0%
236 76 Prétot-Vicquemare
0%
395 14 Prêtreville
0%
159 76 Preuseville
0%
993 27 Prey
0%
659 27 Puchay
0%
23 76 Puisenval
0%
455 27 Pullay
0%
2172 61 Putanges-le-Lac
0%
310 14 Putot-en-Auge
0%
440 27 Quatremare
0%
404 14 Quetteville
0%
1042 76 Quévreville-la-Poterie
0%
548 76 Quiberville
0%
877 50 Quibou
0%
429 76 Quièvrecourt
0%
271 50 Quinéville
0%
669 27 Quittebeuf
0%
658 27 Radepont
0%
508 76 Raffetot
0%
1437 61 Rai
0%
193 50 Raids
0%
79 76 Rainfreville
0%
215 50 Rampan
0%
272 14 Ranchy
0%
1044 61 Rânes
0%
1990 14 Ranville
0%
49 14 Rapilly
0%
1123 50 Rauville-la-Bigot
0%
372 50 Rauville-la-Place
0%
609 76 Réalcamp
0%
148 76 Rebets
0%
771 50 Regnéville-sur-Mer
0%
44 50 Reigneville-Bocage
0%
1940 61 Rémalard en Perche
0%
1071 50 Remilly Les Marais
0%
197 27 Renneville
0%
104 14 Repentigny
0%
178 61 Résenlieu
0%
181 76 Rétonval
0%
532 27 Reuilly
0%
142 76 Reuville
0%
399 14 Reux
0%
377 61 Réveillon
0%
562 14 Reviers
0%
192 76 Ricarville-du-Val
0%
441 76 Richemont
0%
617 76 Rieux
0%
3074 61 Rives d'Andaine
0%
4158 76 Rives-en-Seine
0%
307 76 Riville
0%
228 76 Robertot
0%
612 50 Rocheville
0%
331 76 Rocquefort
0%
802 76 Rocquemont
0%
300 14 Rocques
0%
1686 76 Rogerville
0%
138 61 Roiville
0%
1208 76 Rolleville
0%
1313 50 Romagny Fontenay
0%
332 27 Romilly-la-Puthenaye
0%
182 61 Rônai
0%
803 50 Roncey
0%
470 76 Roncherolles-en-Bray
0%
1234 76 Roncherolles-sur-le-Vivier
0%
189 76 Ronchois
0%
273 76 Rosay
0%
516 27 Rosay-sur-Lieure
0%
547 14 Rosel
0%
369 27 Rouge-Perriers
0%
197 61 Rouperroux
0%
284 76 Routes
0%
225 14 Rouvres
0%
315 76 Royville
0%
155 14 Rubercy
0%
2231 27 Rugles
0%
91 14 Rumesnil
0%
145 76 Saâne-Saint-Just
0%
2046 61 Sablons sur Huisne
0%
527 50 Sacey
0%
1298 27 Sacquenville
0%
863 76 Sainneville
0%
167 27 Saint-Agnan-de-Cernières
0%
92 61 Saint-Agnan-sur-Sarthe
0%
353 76 Saint-Aignan-sur-Ry
0%
2572 50 Saint-Amand-Villages
0%
374 50 Saint-André-de-Bohon
0%
175 61 Saint-André-de-Briouze
0%
561 50 Saint-André-de-l'Épine
0%
547 61 Saint-André-de-Messei
0%
456 14 Saint-André-d'Hébertot
0%
842 76 Saint-André-sur-Cailly
0%
1115 76 Saint-Antoine-la-Forêt
0%
208 27 Saint-Antonin-de-Sommaire
0%
58 61 Saint-Aquilin-de-Corbion
0%
1477 76 Saint-Arnoult
0%
1133 14 Saint-Arnoult
0%
1186 76 Saint-Aubin-Celloville
0%
415 61 Saint-Aubin-d'Appenai
0%
1138 14 Saint-Aubin-d'Arquenay
0%
134 61 Saint-Aubin-de-Bonneval
0%
133 61 Saint-Aubin-de-Courteraie
0%
513 76 Saint-Aubin-de-Crétot
0%
746 27 Saint-Aubin-d'Écrosville
0%
228 14 Saint-Aubin-des-Bois
0%
342 27 Saint-Aubin-de-Scellon
0%
476 50 Saint-Aubin-des-Préaux
0%
667 50 Saint-Aubin-de-Terregatte
0%
376 27 Saint-Aubin-du-Thenney
0%
1037 76 Saint-Aubin-Épinay
0%
860 76 Saint-Aubin-le-Cauf
0%
1956 76 Saint-Aubin-Routot
0%
2198 14 Saint-Aubin-sur-Mer
0%
166 76 Saint-Aubin-sur-Mer
0%
772 27 Saint-Aubin-sur-Quillebeuf
0%
340 50 Saint-Barthélemy
0%
142 27 Saint-Benoît-des-Ombres
0%
450 14 Saint-Benoît-d'Hébertot
0%
1062 61 Saint-Bômer-les-Forges
0%
151 61 Saint-Brice
0%
130 50 Saint-Brice
0%
686 50 Saint-Brice-de-Landelles
0%
136 61 Saint-Brice-sous-Rânes
0%
116 61 Saint-Céneri-le-Gérei
0%
100 61 Saint-Christophe-de-Chaulieu
0%
429 50 Saint-Christophe-du-Foc
0%
443 27 Saint-Christophe-sur-Condé
0%
867 61 Saint-Clair-de-Halouze
0%
988 50 Saint-Clair-sur-l'Elle
0%
623 76 Saint-Clair-sur-les-Monts
0%
558 50 Saint-Clément-Rancoudray
0%
262 14 Saint-Côme-de-Fresné
0%
2564 14 Saint-Contest
0%
317 76 Saint-Crespin
0%
215 50 Saint-Cyr
0%
206 27 Saint-Cyr-de-Salerne
0%
362 50 Saint-Cyr-du-Bailleul
0%
439 27 Saint-Cyr-la-Campagne
0%
239 61 Saint-Cyr-la-Rosière
0%
128 76 Saint-Denis-d'Aclon
0%
83 27 Saint-Denis-d'Augerons
0%
312 14 Saint-Denis-de-Mailloc
0%
778 14 Saint-Denis-de-Méré
0%
208 27 Saint-Denis-des-Monts
0%
510 27 Saint-Denis-le-Ferment
0%
537 50 Saint-Denis-le-Gast
0%
512 76 Saint-Denis-le-Thiboult
0%
641 50 Saint-Denis-le-Vêtu
0%
63 61 Saint-Denis-sur-Huisne
0%
1144 61 Saint-Denis-sur-Sarthon
0%
705 76 Saint-Denis-sur-Scie
0%
1834 14 Saint-Désir
0%
900 27 Saint-Didier-des-Bois
0%
302 76 Sainte-Agathe-d'Aliermont
0%
660 76 Sainte-Austreberthe
0%
180 76 Sainte-Beuve-en-Rivière
0%
806 50 Sainte-Cécile
0%
254 61 Sainte-Céronne-lès-Mortagne
0%
223 76 Sainte-Colombe
0%
195 50 Sainte-Colombe
0%
886 27 Sainte-Colombe-la-Commanderie
0%
317 27 Sainte-Colombe-près-Vernon
0%
691 76 Sainte-Croix-sur-Buchy
0%
638 76 Sainte-Foy
0%
1045 61 Sainte-Gauburge-Sainte-Colombe
0%
315 50 Sainte-Geneviève
0%
274 76 Sainte-Geneviève
0%
672 27 Sainte-Geneviève-lès-Gasny
0%
137 14 Sainte-Honorine-de-Ducy
0%
1362 14 Sainte-Honorine-du-Fay
0%
705 61 Sainte-Honorine-la-Chardonne
0%
438 27 Saint-Élier
0%
260 61 Saint-Ellier-les-Bois
0%
558 27 Saint-Éloi-de-Fourques
0%
217 61 Sainte-Marguerite-de-Carrouges
0%
780 14 Sainte-Marguerite-d'Elle
0%
2060 76 Sainte-Marguerite-sur-Duclair
0%
476 76 Sainte-Marguerite-sur-Mer
0%
378 76 Sainte-Marie-au-Bosc
0%
603 27 Sainte-Marie-d'Attez
0%
286 27 Sainte-Marie-de-Vatimesnil
0%
724 50 Sainte-Marie-du-Mont
0%
90 61 Sainte-Marie-la-Robert
0%
127 14 Sainte-Marie-Outre-l'Eau
0%
504 27 Sainte-Marthe
0%
239 61 Sainte-Opportune
0%
662 27 Sainte-Opportune-du-Bosc
0%
446 27 Sainte-Opportune-la-Mare
0%
601 61 Sainte-Scolasse-sur-Sarthe
0%
887 27 Saint-Étienne-du-Vauvray
0%
550 27 Saint-Étienne-l'Allier
0%
402 14 Saint-Étienne-la-Thillaye
0%
392 27 Saint-Étienne-sous-Bailleul
0%
345 61 Saint-Evroult-de-Montfort
0%
472 61 Saint-Evroult-Notre-Dame-du-Bois
0%
509 50 Saint-Floxel
0%
555 61 Saint-Fraimbault
0%
779 50 Saint-Fromond
0%
170 61 Saint-Fulgent-des-Ormes
0%
1376 14 Saint-Gatien-des-Bois
0%
161 61 Saint-Georges-d'Annebecq
0%
392 50 Saint-Georges-d'Elle
0%
556 50 Saint-Georges-de-Rouelley
0%
3276 61 Saint-Georges-des-Groseillers
0%
901 27 Saint-Georges-du-Vièvre
0%
984 50 Saint-Georges-Montcocq
0%
890 27 Saint-Georges-Motel
0%
929 76 Saint-Georges-sur-Fontaine
0%
134 61 Saint-Germain-d'Aunay
0%
139 61 Saint-Germain-de-Clairefeuille
0%
207 27 Saint-Germain-de-Fresney
0%
837 61 Saint-Germain-de-la-Coudre
0%
740 14 Saint-Germain-de-Livet
0%
227 50 Saint-Germain-d'Elle
0%
86 61 Saint-Germain-de-Martigny
0%
122 27 Saint-Germain-de-Pasquier
0%
170 27 Saint-Germain-des-Angles
0%
392 76 Saint-Germain-des-Essourts
0%
231 61 Saint-Germain-des-Grois
0%
244 76 Saint-Germain-d'Étables
0%
425 50 Saint-Germain-de-Tournebut
0%
112 50 Saint-Germain-de-Varreville
0%
163 14 Saint-Germain-du-Pert
0%
2450 14 Saint-Germain-la-Blanche-Herbe
0%
885 27 Saint-Germain-la-Campagne
0%
345 14 Saint-Germain-Langot
0%
785 50 Saint-Germain-le-Gaillard
0%
966 14 Saint-Germain-le-Vasson
0%
61 61 Saint-Germain-le-Vieux
0%
336 76 Saint-Germain-sous-Cailly
0%
1204 27 Saint-Germain-sur-Avre
0%
922 50 Saint-Germain-sur-Ay
0%
224 76 Saint-Germain-sur-Eaulne
0%
164 50 Saint-Germain-sur-Sèves
0%
76 61 Saint-Gervais-des-Sablons
0%
361 61 Saint-Gervais-du-Perron
0%
1007 50 Saint-Gilles
0%
415 76 Saint-Gilles-de-Crétot
0%
649 76 Saint-Gilles-de-la-Neuville
0%
108 61 Saint-Gilles-des-Marais
0%
314 27 Saint-Grégoire-du-Vièvre
0%
516 76 Saint-Hellier
0%
316 61 Saint-Hilaire-de-Briouze
0%
666 61 Saint-Hilaire-le-Châtel
0%
533 61 Saint-Hilaire-sur-Erre
0%
311 61 Saint-Hilaire-sur-Risle
0%
199 76 Saint-Honoré
0%
705 14 Saint-Hymer
0%
343 76 Saint-Jacques-d'Aliermont
0%
634 50 Saint-Jacques-de-Néhou
0%
644 50 Saint-Jean-de-Daye
0%
837 76 Saint-Jean-de-Folleville
0%
557 50 Saint-Jean-de-la-Haize
0%
635 76 Saint-Jean-de-la-Neuville
0%
371 50 Saint-Jean-de-la-Rivière
0%
247 14 Saint-Jean-de-Livet
0%
2583 50 Saint-Jean-d'Elle
0%
450 50 Saint-Jean-de-Savigny
0%
1517 50 Saint-Jean-des-Champs
0%
243 27 Saint-Jean-du-Thenney
0%
395 50 Saint-Jean-le-Thomas
0%
825 50 Saint-Joseph
0%
246 14 Saint-Jouin
0%
1872 76 Saint-Jouin-Bruneval
0%
296 61 Saint-Jouin-de-Blavou
0%
171 14 Saint-Julien-sur-Calonne
0%
708 61 Saint-Julien-sur-Sarthe
0%
272 14 Saint-Lambert
0%
140 61 Saint-Lambert-sur-Dive
0%
901 61 Saint-Langis-lès-Mortagne
0%
1529 76 Saint-Laurent-de-Brèvedent
0%
515 14 Saint-Laurent-de-Condel
0%
251 27 Saint-Laurent-des-Bois
0%
665 50 Saint-Laurent-de-Terregatte
0%
65 27 Saint-Laurent-du-Tencement
0%
494 76 Saint-Léger-aux-Bois
0%
472 27 Saint-Léger-de-Rôtes
0%
226 14 Saint-Léger-Dubosq
0%
183 27 Saint-Léger-du-Gennetey
0%
320 61 Saint-Léger-sur-Sarthe
0%
78 61 Saint-Léonard-des-Parcs
0%
142 14 Saint-Louet-sur-Seulles
0%
212 50 Saint-Louet-sur-Vire
0%
634 76 Saint-Maclou-de-Folleville
0%
468 76 Saint-Maclou-la-Brière
0%
487 50 Saint-Malo-de-la-Lande
0%
4547 27 Saint-Marcel
0%
351 50 Saint-Marcouf
0%
91 14 Saint-Marcouf
0%
425 61 Saint-Mard-de-Réno
0%
339 27 Saint-Mards-de-Fresne
0%
671 61 Saint-Mars-d'Égrenne
0%
268 76 Saint-Martin-au-Bosc
0%
325 76 Saint-Martin-aux-Arbres
0%
658 76 Saint-Martin-aux-Buneaux
0%
431 14 Saint-Martin-aux-Chartrains
0%
610 50 Saint-Martin-d'Aubigny
0%
136 50 Saint-Martin-d'Audouville
0%
478 14 Saint-Martin-de-Bienfaite-la-Cressonnière
0%
125 14 Saint-Martin-de-Blagny
0%
543 50 Saint-Martin-de-Bonfossé
0%
188 50 Saint-Martin-de-Cenilly
0%
663 61 Saint-Martin-d'Écublei
0%
2564 14 Saint-Martin-de-Fontenay
0%
790 14 Saint-Martin-de-la-Lieue
0%
969 14 Saint-Martin-de-Mailloc
0%
401 14 Saint-Martin-de-Mieux
0%
194 61 Saint-Martin-des-Landes
0%
140 61 Saint-Martin-des-Pézerits
0%
175 50 Saint-Martin-de-Varreville
0%
660 76 Saint-Martin-du-Bec
0%
1493 76 Saint-Martin-du-Manoir
0%
257 27 Saint-Martin-du-Tilleul
0%
569 61 Saint-Martin-du-Vieux-Bellême
0%
1739 76 Saint-Martin-du-Vivier
0%
104 27 Saint-Martin-la-Campagne
0%
195 61 Saint-Martin-l'Aiguillon
0%
336 50 Saint-Martin-le-Bouillant
0%
289 76 Saint-Martin-le-Gaillard
0%
279 76 Saint-Martin-l'Hortier
0%
1205 76 Saint-Martin-Osmonville
0%
158 50 Saint-Maur-des-Bois
0%
308 76 Saint-Maurice-d'Ételan
0%
303 27 Saint-Meslin-du-Bosc
0%
336 50 Saint-Michel-de-Montjoie
0%
119 76 Saint-Michel-d'Halescourt
0%
610 61 Saint-Michel-Tubœuf
0%
316 50 Saint-Nicolas-de-Pierrepont
0%
293 61 Saint-Nicolas-des-Bois
0%
81 50 Saint-Nicolas-des-Bois
0%
277 61 Saint-Nicolas-de-Sommaire
0%
103 27 Saint-Ouen-de-Pontcheuil
0%
829 76 Saint-Ouen-du-Breuil
0%
212 14 Saint-Ouen-du-Mesnil-Oger
0%
1763 27 Saint-Ouen-du-Tilleul
0%
123 61 Saint-Ouen-le-Brisoult
0%
283 76 Saint-Ouen-le-Mauger
0%
265 14 Saint-Ouen-le-Pin
0%
234 76 Saint-Ouen-sous-Bailly
0%
865 61 Saint-Ouen-sur-Iton
0%
798 50 Saint-Ovin
0%
1322 76 Saint-Paër
0%
182 50 Saint-Patrice-de-Claids
0%
233 61 Saint-Patrice-du-Désert
0%
286 27 Saint-Paul-de-Fourques
0%
846 14 Saint-Paul-du-Vernay
0%
669 14 Saint-Philbert-des-Champs
0%
174 27 Saint-Philbert-sur-Boissey
0%
117 61 Saint-Philbert-sur-Orne
0%
171 14 Saint-Pierre-Azif
0%
382 76 Saint-Pierre-Bénouville
0%
468 14 Saint-Pierre-Canivet
0%
161 50 Saint-Pierre-d'Arthéglise
0%
1009 27 Saint-Pierre-de-Bailleul
0%
243 27 Saint-Pierre-de-Cernières
0%
600 27 Saint-Pierre-de-Cormeilles
0%
432 50 Saint-Pierre-de-Coutances
0%
669 61 Saint-Pierre-d'Entremont
0%
247 27 Saint-Pierre-de-Salerne
0%
459 50 Saint-Pierre-de-Semilly
0%
1656 27 Saint-Pierre-des-Fleurs
0%
473 14 Saint-Pierre-des-Ifs
0%
275 27 Saint-Pierre-des-Ifs
0%
74 76 Saint-Pierre-des-Jonquières
0%
163 61 Saint-Pierre-des-Loges
0%
2323 76 Saint-Pierre-de-Varengeville
0%
1014 27 Saint-Pierre-du-Bosguérard
0%
470 14 Saint-Pierre-du-Bû
0%
192 14 Saint-Pierre-du-Fresne
0%
275 14 Saint-Pierre-du-Jonquet
0%
79 14 Saint-Pierre-du-Mont
0%
1413 61 Saint-Pierre-du-Regard
0%
590 27 Saint-Pierre-du-Val
0%
1262 27 Saint-Pierre-du-Vauvray
0%
840 76 Saint-Pierre-en-Port
0%
1103 76 Saint-Pierre-en-Val
0%
437 61 Saint-Pierre-la-Bruyère
0%
928 27 Saint-Pierre-la-Garenne
0%
647 50 Saint-Pierre-Langers
0%
199 76 Saint-Pierre-le-Vieux
0%
268 76 Saint-Pierre-le-Viger
0%
1471 50 Saint-Planchers
0%
73 61 Saint-Quentin-de-Blavou
0%
319 61 Saint-Quentin-les-Chardonnets
0%
1388 50 Saint-Quentin-sur-le-Homme
0%
813 76 Saint-Rémy-Boscrocourt
0%
150 76 Saint-Riquier-en-Rivière
0%
628 76 Saint-Riquier-ès-Plains
0%
170 61 Saint-Roch-sur-Égrenne
0%
4397 76 Saint-Romain-de-Colbosc
0%
590 76 Saint-Saire
0%
319 14 Saint-Samson
0%
443 27 Saint-Samson-de-la-Roque
0%
251 61 Saint-Sauveur-de-Carrouges
0%
1255 76 Saint-Sauveur-d'Émalleville
0%
121 50 Saint-Sauveur-de-Pierrepont
0%
414 50 Saint-Sauveur-la-Pommeraye
0%
2115 50 Saint-Sauveur-le-Vicomte
0%
3609 50 Saint-Sauveur-Villages
0%
335 50 Saint-Sébastien-de-Raids
0%
339 50 Saint-Senier-de-Beuvron
0%
316 27 Saint-Siméon
0%
156 27 Saint-Sulpice-de-Grimbouville
0%
1679 61 Saint-Sulpice-sur-Risle
0%
1470 14 Saint-Sylvain
0%
143 76 Saint-Sylvain
0%
233 27 Saint-Sylvestre-de-Cormeilles
0%
486 27 Saint-Symphorien
0%
484 61 Saint-Symphorien-des-Bruyères
0%
767 76 Saint-Vaast-d'Équiqueville
0%
375 76 Saint-Vaast-Dieppedalle
0%
476 76 Saint-Vaast-du-Val
0%
104 14 Saint-Vaast-en-Auge
0%
157 14 Saint-Vaast-sur-Seulles
0%
453 27 Saint-Victor-de-Chrétienville
0%
345 27 Saint-Victor-d'Épine
0%
767 76 Saint-Victor-l'Abbaye
0%
56 27 Saint-Victor-sur-Avre
0%
288 50 Saint-Vigor-des-Monts
0%
1164 76 Saint-Vigor-d'Ymonville
0%
2582 14 Saint-Vigor-le-Grand
0%
716 76 Saint-Vincent-Cramesnil
0%
344 27 Saint-Vincent-des-Bois
0%
381 27 Saint-Vincent-du-Boulay
0%
311 61 Saires-la-Verrerie
0%
320 14 Sallen
0%
300 14 Sallenelles
0%
175 27 Sancourt
0%
1911 14 Sannerville
0%
225 14 Saon
0%
325 14 Saonnet
0%
970 61 Sap-en-Auge
0%
1076 61 Sarceaux
0%
109 76 Sassetot-le-Malgardé
0%
1021 76 Sassetot-le-Mauconduit
0%
285 76 Sasseville
0%
199 27 Sassey
0%
210 14 Sassy
0%
443 76 Sauchay
0%
427 76 Saumont-la-Poterie
0%
348 76 Sauqueville
0%
373 76 Saussay
0%
539 27 Saussay-la-Campagne
0%
907 50 Saussemesnil
0%
436 76 Sausseuzemare-en-Caux
0%
474 50 Saussey
0%
458 50 Savigny
0%
421 50 Savigny-le-Vieux
0%
476 27 Sébécourt
0%
35 50 Sébeville
0%
343 61 Semallé
0%
192 50 Sénoville
0%
172 76 Sept-Meules
0%
177 27 Serez
0%
1147 76 Servaville-Salmonville
0%
280 50 Servon
0%
1334 14 Seulline
0%
316 61 Sévigny
0%
277 61 Sevrai
0%
821 50 Sideville
0%
1125 76 Sierville
0%
978 50 Siouville-Hague
0%
376 76 Smermesnil
0%
128 14 Soignolles
0%
847 76 Sommery
0%
114 76 Sommesnil
0%
189 76 Sorquainville
0%
80 50 Sortosville
0%
319 50 Sortosville-en-Beaumont
0%
1462 50 Sottevast
0%
753 76 Sotteville-sous-le-Val
0%
256 14 Soulangy
0%
598 14 Soumont-Saint-Quentin
0%
3175 50 Sourdeval
0%
405 50 Subligny
0%
279 61 Suré
0%
151 14 Surrain
0%
1185 50 Surtainville
0%
505 27 Surtauville
0%
360 27 Suzay
0%
1331 27 Sylvains-Lès-Moulins
0%
17 50 Taillepied
0%
295 50 Tanis
0%
161 61 Tanques
0%
236 61 Tanville
0%
80 61 Tellières-le-Plessis
0%
1350 50 Terre-et-Marais
0%
1552 27 Terres de Bord
0%
922 14 Terres de Druance
0%
389 61 Tessé-Froulay
0%
252 14 Tessel
0%
2282 50 Tessy-Bocage
0%
600 50 Teurthéville-Bocage
0%
1838 50 Thèreval
0%
543 76 Theuville-aux-Maillots
0%
339 50 Théville
0%
1803 27 Thiberville
0%
353 27 Thibouville
0%
410 76 Thiergeville
0%
407 76 Thiétreville
0%
673 76 Thil-Manneville
0%
290 76 Thiouville
0%
3647 14 Thury-Harcourt-le-Hom
0%
200 61 Ticheville
0%
194 27 Tilleul-Dame-Agnès
0%
4982 61 Tinchebray-Bocage
0%
966 50 Tirepied-sur-Sée
0%
142 76 Tocqueville-en-Caux
0%
285 76 Tocqueville-les-Murs
0%
1632 50 Tollevast
0%
305 61 Torchamp
0%
816 76 Torcy-le-Grand
0%
507 76 Torcy-le-Petit
0%
851 76 Touffreville-la-Corbeline
0%
223 76 Touffreville-sur-Eu
0%
87 61 Touquettes
0%
682 14 Tour-en-Bessin
0%
818 14 Tourgéville
0%
304 61 Tournai-sur-Dive
0%
472 27 Tournedos-Bois-Hubert
0%
313 27 Tourneville
0%
1042 50 Tourneville-sur-Mer
0%
150 14 Tournières
0%
252 14 Tourville-en-Auge
0%
1235 76 Tourville-sur-Arques
0%
795 50 Tourville-sur-Sienne
0%
710 76 Toussaint
0%
305 14 Tracy-Bocage
0%
1420 27 Treis-Sants-en-Ouche
0%
105 76 Trémauville
0%
122 61 Trémont
0%
103 14 Tréprel
0%
522 50 Tribehou
0%
341 27 Triqueville
0%
769 27 Trouville-la-Haule
0%
1290 61 Trun
0%
214 14 Trungy
0%
125 50 Turqueville
0%
1524 76 Turretot
0%
731 14 Urville
0%
213 50 Urville
0%
880 14 Ussy
0%
666 14 Vacognes-Neuilly
0%
403 27 Valailles
0%
1739 14 Valambray
0%
3482 61 Val-au-Perche
0%
404 50 Valcanville
0%
5839 14 Valdallière
0%
2446 14 Val d'Arry
0%
895 14 Val de Drôme
0%
721 76 Val-de-la-Haye
0%
1516 76 Val-de-Saâne
0%
2550 76 Val-de-Scie
0%
531 14 Val-de-Vie
0%
1008 27 Val d'Orger
0%
1791 61 Valframbert
0%
1461 76 Valliquerville
0%
2559 14 Valorbiquet
0%
271 14 Valsemé
0%
984 27 Vandrimare
0%
163 27 Vannecrocq
0%
1031 14 Varaville
0%
983 76 Varengeville-sur-Mer
0%
336 50 Varenguebec
0%
356 27 Vascœuil
0%
436 76 Vassonville
0%
133 76 Vatierville
0%
329 76 Vattetot-sur-Mer
0%
71 50 Vaudreville
0%
103 61 Vaunoise
0%
205 14 Vauville
0%
278 27 Vaux-sur-Eure
0%
326 14 Vaux-sur-Seulles
0%
136 76 Veauville-lès-Quelles
0%
818 14 Vendeuvre
0%
211 76 Vénestanville
0%
227 76 Ventes-Saint-Rémy
0%
457 76 Vergetot
0%
195 27 Verneusses
0%
426 61 Verrières
0%
508 14 Versainville
0%
73 14 Vicques
0%
88 14 Victot-Pontfol
0%
92 61 Vidai
0%
89 50 Videcosville
0%
292 14 Vienne-en-Bessin
0%
77 14 Vieux-Bourg
0%
202 61 Vieux-Pont
0%
48 27 Vieux-Port
0%
569 76 Vieux-Rouen-sur-Bresle
0%
300 14 Vignats
0%
294 76 Villainville
0%
323 50 Villebaudon
0%
221 61 Villedieu-lès-Bailleul
0%
367 27 Villegats
0%
762 14 Villers-Canivet
0%
1772 76 Villers-Écalles
0%
319 27 Villers-en-Vexin
0%
186 76 Villers-sous-Foucarmont
0%
884 27 Villers-sur-le-Roule
0%
171 27 Villettes
0%
334 27 Villez-sous-Bailleul
0%
276 27 Villez-sur-le-Neubourg
0%
930 27 Villiers-en-Désœuvre
0%
672 50 Villiers-Fossard
0%
274 61 Villiers-sous-Mortagne
0%
814 14 Villons-les-Buissons
0%
739 14 Villy-Bocage
0%
275 14 Villy-lez-Falaise
0%
207 76 Villy-sur-Yères
0%
3184 61 Vimoutiers
0%
230 76 Vinnemerville
0%
351 76 Virville
0%
577 27 Vitot
0%
231 61 Vitrai-sous-Laigle
0%
661 76 Vittefleur
0%
121 27 Voiscreville
0%
741 27 Vraiville
0%
343 76 Wanchy-Capval
0%
1050 76 Yainville
0%
1204 76 Ymare
0%
241 76 Yquebeuf
0%
1212 50 Yvetot-Bocage
0%
445 76 Yville-sur-Seine
0%
Aucun quiz correspondant
Distribution des résultats
% des personnes avec chaque résultat
Percentile par nombre de réponses
Votre historique - résultats
Vous n’avez pas pris ce quiz